Statistics for 10000 Most Common English Words

Click here to take the quiz!

General Stats

  • This quiz has been taken 1,251 times
  • The average score is 644 of 9999

Answer Stats

10000 Words% Correct
a
98%
I
92%
an
85%
be
84%
do
83%
he
83%
the
82%
to
82%
go
81%
me
81%
no
80%
we
80%
who
80%
ear
78%
in
78%
on
78%
men
77%
so
77%
as
76%
you
76%
for
74%
by
73%
hear
73%
is
73%
what
73%
when
73%
at
72%
ten
71%
and
70%
or
70%
she
70%
car
69%
her
69%
bus
68%
can
68%
of
68%
all
67%
cat
67%
four
67%
how
67%
It
67%
man
67%
not
67%
pen
67%
pin
67%
why
67%
two
66%
up
66%
win
66%
eat
65%
fen
65%
sin
65%
then
65%
thin
65%
your
65%
five
64%
my
64%
one
64%
read
64%
three
64%
fir
63%
good
63%
heal
63%
us
63%
where
63%
hen
62%
six
62%
bin
61%
dog
61%
pro
61%
see
61%
tie
61%
con
60%
day
60%
eight
60%
eve
60%
fry
60%
mar
60%
nine
60%
out
60%
pear
60%
seven
60%
bee
59%
black
59%
they
59%
too
59%
are
58%
back
58%
but
58%
fat
58%
fee
58%
free
58%
whom
58%
die
57%
lie
57%
par
57%
red
57%
yes
57%
beat
56%
den
56%
din
56%
his
56%
ken
56%
kin
56%
love
56%
off
56%
sea
56%
thus
56%
try
56%
blue
55%
hand
55%
house
55%
mean
55%
per
55%
ban
54%
does
54%
down
54%
green
54%
star
54%
tea
54%
chin
53%
give
53%
have
53%
him
53%
lick
53%
run
53%
sun
53%
under
53%
was
53%
wit
53%
ball
52%
ever
52%
last
52%
leg
52%
let
52%
light
52%
mat
52%
plan
52%
real
52%
rig
52%
that
52%
them
52%
time
52%
about
51%
arm
51%
bad
51%
bet
51%
eye
51%
foot
51%
home
51%
live
51%
war
51%
water
51%
white
51%
book
50%
eleven
50%
hot
50%
may
50%
May
50%
more
50%
new
50%
pal
50%
this
50%
will
50%
count
49%
loo
49%
moth
49%
over
49%
right
49%
there
49%
twelve
49%
women
49%
word
49%
after
48%
bar
48%
big
48%
boy
48%
bra
48%
come
48%
get
48%
head
48%
heed
48%
know
48%
like
48%
night
48%
nor
48%
son
48%
spa
48%
tack
48%
twin
48%
air
47%
bat
47%
beer
47%
gin
47%
make
47%
meat
47%
reed
47%
some
47%
their
47%
work
47%
yell
47%
act
46%
any
46%
bear
46%
bill
46%
could
46%
girl
46%
mine
46%
most
46%
mother
46%
old
46%
should
46%
tear
46%
thirty
46%
wear
46%
wee
46%
with
46%
year
46%
brow
45%
child
45%
father
45%
first
45%
fly
45%
grin
45%
hair
45%
hell
45%
meet
45%
never
45%
play
45%
second
45%
tee
45%
think
45%
art
44%
beast
44%
cold
44%
east
44%
English
44%
even
44%
far
44%
from
44%
great
44%
greet
44%
hat
44%
hundred
44%
mill
44%
money
44%
our
44%
pan
44%
woman
44%
yellow
44%
add
43%
country
43%
end
43%
if
43%
leaf
43%
pie
43%
rat
43%
shy
43%
sing
43%
sit
43%
tree
43%
wan
43%
wind
43%
would
43%
ask
42%
bead
42%
door
42%
every
42%
fire
42%
game
42%
just
42%
lack
42%
life
42%
low
42%
orange
42%
pea
42%
reel
42%
school
42%
spin
42%
take
42%
tow
42%
age
41%
best
41%
broth
41%
city
41%
cow
41%
fall
41%
fore
41%
God
41%
heart
41%
high
41%
leave
41%
lose
41%
pain
41%
part
41%
pee
41%
plain
41%
plane
41%
plus
41%
show
41%
ski
41%
than
41%
top
41%
wheat
41%
world
41%
bed
40%
break
40%
brown
40%
buy
40%
fast
40%
feel
40%
fifty
40%
fig
40%
fish
40%
food
40%
hard
40%
kill
40%
liar
40%
list
40%
long
40%
now
40%
rain
40%
ran
40%
sixty
40%
walk
40%
again
39%
appal
39%
brother
39%
butt
39%
cap
39%
cry
39%
eighty
39%
horse
39%
hour
39%
king
39%
lit
39%
say
39%
seventy
39%
small
39%
table
39%
week
39%
apple
38%
beg
38%
better
38%
chair
38%
close
38%
drive
38%
fourteen
38%
friend
38%
grand
38%
less
38%
look
38%
month
38%
ninety
38%
nose
38%
road
38%
sex
38%
start
38%
twenty
38%
use
38%
want
38%
well
38%
write
38%
bean
37%
been
37%
bird
37%
cent
37%
deal
37%
drink
37%
finger
37%
gold
37%
its
37%
million
37%
moon
37%
much
37%
open
37%
rest
37%
stand
37%
state
37%
wall
37%
way
37%
won
37%
able
36%
call
36%
dad
36%
find
36%
hop
36%
into
36%
left
36%
music
36%
near
36%
past
36%
seat
36%
train
36%
west
36%
animal
35%
ant
35%
before
35%
belly
35%
compute
35%
cut
35%
earth
35%
face
35%
flow
35%
fuel
35%
fun
35%
happy
35%
land
35%
line
35%
mad
35%
minute
35%
mom
35%
pay
35%
people
35%
phone
35%
place
35%
pop
35%
queen
35%
sat
35%
side
35%
sly
35%
tell
35%
thing
35%
though
35%
ton
35%
young
35%
because
34%
blood
34%
common
34%
doctor
34%
fear
34%
feet
34%
guess
34%
kid
34%
many
34%
need
34%
north
34%
paper
34%
pink
34%
pot
34%
purple
34%
rock
34%
sad
34%
ship
34%
short
34%
sister
34%
south
34%
speak
34%
teach
34%
thousand
34%
woo
34%
airplane
33%
base
33%
boat
33%
care
33%
chic
33%
dark
33%
dear
33%
death
33%
gear
33%
has
33%
heel
33%
here
33%
hold
33%
Jesus
33%
miss
33%
mouth
33%
name
33%
other
33%
pat
33%
pig
33%
put
33%
reap
33%
river
33%
shop
33%
sky
33%
song
33%
street
33%
which
33%
above
32%
baby
32%
boar
32%
breed
32%
came
32%
children
32%
dead
32%
family
32%
fight
32%
grow
32%
inside
32%
kind
32%
kit
32%
lake
32%
late
32%
law
32%
lean
32%
move
32%
movie
32%
nice
32%
numb
32%
pant
32%
plea
32%
room
32%
shoe
32%
stop
32%
talk
32%
team
32%
third
32%
thirteen
32%
tin
32%
toe
32%
watch
32%
whet
32%
yours
32%
zero
32%
away
31%
bell
31%
bit
31%
body
31%
bread
31%
bring
31%
clean
31%
deed
31%
glass
31%
gray
31%
keep
31%
lead
31%
learn
31%
letter
31%
listen
31%
little
31%
ocean
31%
plant
31%
quiz
31%
very
31%
around
30%
begin
30%
build
30%
chicken
30%
cook
30%
create
30%
deaf
30%
form
30%
fort
30%
gun
30%
had
30%
ham
30%
hers
30%
hope
30%
hum
30%
lay
30%
mark
30%
mind
30%
mouse
30%
pass
30%
person
30%
poet
30%
quest
30%
something
30%
sweet
30%
test
30%
through
30%
town
30%
yeast
30%
yet
30%
always
29%
card
29%
computer
29%
fifteen
29%
flower
29%
full
29%
ground
29%
hate
29%
help
29%
ill
29%
must
29%
nail
29%
number
29%
really
29%
rid
29%
sand
29%
sixteen
29%
slow
29%
sum
29%
those
29%
window
29%
April
28%
aunt
28%
billion
28%
bow
28%
cast
28%
change
28%
church
28%
cloud
28%
doll
28%
draw
28%
eighteen
28%
grass
28%
hit
28%
ice
28%
might
28%
milk
28%
neck
28%
nineteen
28%
note
28%
nothing
28%
outside
28%
port
28%
post
28%
ring
28%
same
28%
save
28%
sell
28%
set
28%
seventeen
28%
sheep
28%
shirt
28%
sleep
28%
today
28%
turn
28%
unit
28%
wait
28%
wed
28%
were
28%
without
28%
wood
28%
also
27%
answer
27%
bag
27%
band
27%
clock
27%
dance
27%
date
27%
daughter
27%
deer
27%
dream
27%
each
27%
easy
27%
everything
27%
fur
27%
gel
27%
gene
27%
hill
27%
job
27%
jump
27%
knee
27%
lost
27%
march
27%
March
27%
meal
27%
mist
27%
news
27%
pill
27%
police
27%
power
27%
pull
27%
question
27%
silver
27%
television
27%
these
27%
yesterday
27%
allow
26%
bath
26%
bone
26%
case
26%
clot
26%
cool
26%
cup
26%
dean
26%
dress
26%
fan
26%
fill
26%
film
26%
football
26%
front
26%
heave
26%
June
26%
main
26%
mane
26%
mid
26%
mount
26%
paint
26%
party
26%
please
26%
snow
26%
sound
26%
sport
26%
stay
26%
supper
26%
tent
26%
uncle
26%
action
25%
anything
25%
August
25%
board
25%
cake
25%
clear
25%
duck
25%
everyone
25%
fifth
25%
fine
25%
fourth
25%
hello
25%
July
25%
key
25%
knife
25%
large
25%
laugh
25%
lip
25%
lot
25%
mountain
25%
next
25%
once
25%
only
25%
own
25%
peat
25%
pick
25%
plate
25%
present
25%
push
25%
sign
25%
skin
25%
someone
25%
space
25%
store
25%
whine
25%
wish
25%
wrong
25%
account
24%
alone
24%
ate
24%
believe
24%
box
24%
butter
24%
cab
24%
carry
24%
coffee
24%
crazy
24%
crow
24%
dam
24%
December
24%
dial
24%
earl
24%
enter
24%
floor
24%
found
24%
hall
24%
happen
24%
heaven
24%
hug
24%
hurt
24%
January
24%
lad
24%
lion
24%
male
24%
office
24%
pencil
24%
pet
24%
prince
24%
pun
24%
quit
24%
saw
24%
seem
24%
sick
24%
spy
24%
steel
24%
stone
24%
stud
24%
swim
24%
tan
24%
teacher
24%
teeth
24%
tomorrow
24%
warm
24%
wine
24%
bake
23%
banana
23%
bank
23%
bask
23%
beach
23%
beech
23%
birth
23%
brain
23%
bull
23%
cart
23%
catch
23%
cause
23%
cloth
23%
cove
23%
dinner
23%
dirt
23%
egg
23%
fact
23%
February
23%
finish
23%
gas
23%
history
23%
hospital
23%
info
23%
kiss
23%
math
23%
morning
23%
none
23%
November
23%
poor
23%
quick
23%
ride
23%
scar
23%
send
23%
September
23%
sock
23%
span
23%
summer
23%
super
23%
sure
23%
tall
23%
tooth
23%
travel
23%
whole
23%
wife
23%
winter
23%
another
22%
anyone
22%
artist
22%
basket
22%
born
22%
both
22%
bottom
22%
building
22%
check
22%
class
22%
differ
22%
disc
22%
elect
22%
field
22%
fork
22%
French
22%
fruit
22%
half
22%
heat
22%
human
22%
joke
22%
mail
22%
map
22%
marry
22%
Monday
22%
neat
22%
October
22%
offer
22%
oil
22%
ours
22%
page
22%
peer
22%
picture
22%
planet
22%
point
22%
rich
22%
self
22%
sixth
22%
soft
22%
still
22%
thank
22%
whack
22%
wheel
22%
while
22%
against
21%
ago
21%
angel
21%
bay
21%
between
21%
cell
21%
cheese
21%
corn
21%
cost
21%
cream
21%
cross
21%
deep
21%
dry
21%
few
21%
future
21%
going
21%
hid
21%
lock
21%
made
21%
matt
21%
maybe
21%
medic
21%
mess
21%
middle
21%
myself
21%
nation
21%
order
21%
pants
21%
park
21%
pray
21%
preside
21%
prey
21%
race
21%
rate
21%
round
21%
said
21%
sale
21%
seventh
21%
shower
21%
soon
21%
spoon
21%
spring
21%
story
21%
thought
21%
together
21%
track
21%
trip
21%
truth
21%
type
21%
unite
21%
wash
21%
weak
21%
weather
21%
wet
21%
actual
20%
aim
20%
ally
20%
angry
20%
apart
20%
beautiful
20%
bun
20%
cash
20%
choose
20%
Christmas
20%
court
20%
cover
20%
different
20%
fail
20%
farm
20%
feat
20%
follow
20%
force
20%
forge
20%
general
20%
inform
20%
iron
20%
knowledge
20%
language
20%
latter
20%
mass
20%
matter
20%
mode
20%
noon
20%
often
20%
pare
20%
pretty
20%
price
20%
prod
20%
profess
20%
prop
20%
pry
20%
random
20%
rap
20%
remember
20%
rose
20%
rule
20%
search
20%
shall
20%
shoot
20%
smile
20%
snack
20%
sour
20%
Spanish
20%
steal
20%
strong
20%
tiger
20%
treat
20%
truck
20%
Tuesday
20%
understand
20%
went
20%
whose
20%
ace
19%
across
19%
actor
19%
anger
19%
army
19%
attempt
19%
beef
19%
behind
19%
bellow
19%
below
19%
breakfast
19%
capital
19%
charge
19%
circle
19%
cock
19%
colour
19%
crime
19%
dig
19%
dire
19%
doer
19%
drop
19%
drug
19%
early
19%
Easter
19%
either
19%
else
19%
era
19%
evening
19%
exam
19%
fell
19%
freed
19%
Friday
19%
garden
19%
germ
19%
goal
19%
goat
19%
guy
19%
hang
19%
hip
19%
idea
19%
information
19%
join
19%
later
19%
least
19%
lone
19%
lunch
19%
mate
19%
mile
19%
mini
19%
net
19%
norm
19%
peace
19%
pub
19%
roll
19%
science
19%
sent
19%
sigh
19%
smell
19%
Sunday
19%
taste
19%
tax
19%
teem
19%
until
19%
view
19%
Wednesday
19%
wonder
19%
ability
18%
actually
18%
agree
18%
apply
18%
arc
18%
autumn
18%
bike
18%
blow
18%
bore
18%
breath
18%
bright
18%
burn
18%
chance
18%
direct
18%
dollar
18%
eighth
18%
elephant
18%
event
18%
fair
18%
female
18%
file
18%
final
18%
fit
18%
fix
18%
flu
18%
forest
18%
forward
18%
gave
18%
gay
18%
German
18%
grandma
18%
grandpa
18%
health
18%
hide
18%
himself
18%
hole
18%
host
18%
however
18%
huge
18%
hunt
18%
husband
18%
intern
18%
jail
18%
judge
18%
lady
18%
leader
18%
lift
18%
link
18%
loss
18%
monk
18%
normal
18%
onto
18%
pack
18%
pit
18%
president
18%
rise
18%
rub
18%
salt
18%
Saturday
18%
shit
18%
shot
18%
smart
18%
sometime
18%
square
18%
study
18%
tar
18%
temp
18%
tenth
18%
Thursday
18%
touch
18%
wake
18%
winner
18%
worse
18%
address
17%
alcohol
17%
almost
17%
along
17%
appear
17%
boot
17%
bowl
17%
clothe
17%
compel
17%
cousin
17%
desk
17%
earn
17%
exit
17%
feeling
17%
forget
17%
gain
17%
ghost
17%
hung
17%
import
17%
inn
17%
log
17%
loose
17%
lord
17%
loud
17%
lower
17%
match
17%
ninth
17%
nut
17%
pep
17%
pole
17%
press
17%
princess
17%
quiet
17%
quite
17%
reach
17%
ready
17%
rob
17%
roof
17%
sail
17%
seek
17%
shack
17%
share
17%
shine
17%
shoulder
17%
smoke
17%
sold
17%
somebody
17%
soul
17%
step
17%
stick
17%
stomach
17%
storm
17%
such
17%
thee
17%
toil
17%
took
17%
van
17%
wave
17%
whale
17%
worst
17%
adult
16%
afternoon
16%
amount
16%
ankle
16%
ape
16%
area
16%
ash
16%
attack
16%
awe
16%
basketball
16%
boss
16%
breast
16%
bye
16%
carp
16%
cave
16%
century
16%
chain
16%
cheek
16%
chest
16%
chill
16%
coin
16%
college
16%
dim
16%
double
16%
dumb
16%
fake
16%
freedom
16%
funny
16%
govern
16%
grandfather
16%
group
16%
guitar
16%
hay
16%
heavy
16%
island
16%
jet
16%
Jew
16%
knew
16%
living
16%
lover
16%
monkey
16%
national
16%
parent
16%
photo
16%
piece
16%
pool
16%
rent
16%
rice
16%
since
16%
special
16%
stock
16%
sugar
16%
tongue
16%
twice
16%
united
16%
video
16%
wide
16%
worker
16%
yourself
16%
zoo
16%
affect
15%
ale
15%
become
15%
block
15%
broke
15%
bug
15%
bush
15%
business
15%
cannot
15%
castle
15%
chip
15%
choice
15%
claim
15%
coat
15%
control
15%
coup
15%
course
15%
decade
15%
deliver
15%
dessert
15%
dine
15%
enough
15%
evil
15%
fart
15%
figure
15%
flag
15%
flee
15%
fool
15%
freeze
15%
gift
15%
government
15%
grandmother
15%
grave
15%
holiday
15%
hotel
15%
image
15%
important
15%
jacket
15%
jam
15%
jean
15%
juice
15%
lamb
15%
lamp
15%
lawyer
15%
lemon
15%
liver
15%
load
15%
luck
15%
mast
15%
mice
15%
notice
15%
odd
15%
organ
15%
piano
15%
pizza
15%
player
15%
popular
15%
potato
15%
pound
15%
problem
15%
produce
15%
product
15%
prom
15%
reason
15%
record
15%
return
15%
safe
15%
scare
15%
serve
15%
shake
15%
sham
15%
shark
15%
sight
15%
sod
15%
stair
15%
stupid
15%
sweat
15%
tale
15%
teen
15%
tick
15%
toilet
15%
tomato
15%
trust
15%
university
15%
usual
15%
villa
15%
vote
15%
wild
15%
ado
14%
aid
14%
among
14%
award
14%
bare
14%
beauty
14%
being
14%
bend
14%
camp
14%
cod
14%
complete
14%
county
14%
devil
14%
difficult
14%
dirty
14%
dive
14%
dodge
14%
drag
14%
effect
14%
forty
14%
fox
14%
goose
14%
herself
14%
horn
14%
interest
14%
lab
14%
lime
14%
lung
14%
market
14%
media
14%
medicine
14%
metal
14%
mix
14%
nature
14%
older
14%
opt
14%
oven
14%
ox
14%
pair
14%
pine
14%
pork
14%
prove
14%
religion
14%
role
14%
rug
14%
sew
14%
sheet
14%
shout
14%
single
14%
sink
14%
soccer
14%
sort
14%
speed
14%
station
14%
straw
14%
student
14%
suit
14%
tail
14%
thunder
14%
tire
14%
told
14%
trade
14%
update
14%
user
14%
vegetable
14%
voice
14%
wedding
14%
whatever
14%
whether
14%
wise
14%
accept
13%
actress
13%
airport
13%
alive
13%
although
13%
application
13%
arrive
13%
author
13%
auto
13%
axe
13%
bark
13%
bass
13%
bathroom
13%
battle
13%
bite
13%
blank
13%
bomb
13%
brand
13%
buck
13%
camera
13%
carrot
13%
ceiling
13%
center
13%
challenge
13%
chase
13%
china
13%
Chinese
13%
company
13%
cute
13%
decide
13%
dent
13%
desert
13%
divide
13%
drunk
13%
eaten
13%
elbow
13%
elf
13%
Europe
13%
feed
13%
firm
13%
flat
13%
flight
13%
frog
13%
gate
13%
given
13%
glove
13%
guest
13%
harm
13%
hood
13%
joy
13%
kick
13%
kitchen
13%
lane
13%
laser
13%
legal
13%
lend
13%
loser
13%
mall
13%
meeting
13%
mob
13%
multi
13%
murder
13%
nurse
13%
okay
13%
pepper
13%
personal
13%
personnel
13%
profession
13%
rabbit
13%
react
13%
row
13%
sane
13%
score
13%
sense
13%
service
13%
shape
13%
site
13%
snake
13%
soap
13%
sometimes
13%
sorry
13%
spend
13%
spot
13%
stack
13%
straight
13%
strange
13%
system
13%
tap
13%
tiny
13%
tower
13%
toy
13%
universe
13%
upon
13%
waste
13%
weep
13%
weigh
13%
witch
13%
within
13%
worth
13%
wrist
13%
yard
13%
access
12%
ache
12%
already
12%
amazing
12%
anti
12%
anywhere
12%
arch
12%
argue
12%
attend
12%
attention
12%
average
12%
baseball
12%
bedroom
12%
beginning
12%
birthday
12%
blind
12%
bottle
12%
bough
12%
bridge
12%
central
12%
centre
12%
chaos
12%
chocolate
12%
coal
12%
collect
12%
contain
12%
continue
12%
copper
12%
couple
12%
criminal
12%
cult
12%
danger
12%
dare
12%
demon
12%
dish
12%
dot
12%
due
12%
eagle
12%
electric
12%
element
12%
empty
12%
ending
12%
energy
12%
everybody
12%
eyebrow
12%
factor
12%
faith
12%
flame
12%
flour
12%
fresh
12%
golf
12%
grape
12%
hail
12%
hero
12%
honey
12%
imagine
12%
ink
12%
issue
12%
itself
12%
Japanese
12%
kitten
12%
lace
12%
level
12%
magic
12%
manage
12%
master
12%
menu
12%
message
12%
minus
12%
mister
12%
mum
12%
natural
12%
nobody
12%
officer
12%
owner
12%
percent
12%
poll
12%
priest
12%
print
12%
prison
12%
protect
12%
public
12%
radio
12%
rail
12%
raise
12%
ram
12%
reality
12%
receive
12%
refer
12%
relation
12%
restaurant
12%
rum
12%
sack
12%
scream
12%
season
12%
seed
12%
shoes
12%
simple
12%
singe
12%
social
12%
soup
12%
spider
12%
stare
12%
status
12%
suck
12%
surf
12%
term
12%
text
12%
theirs
12%
tight
12%
tip
12%
tool
12%
trash
12%
trick
12%
ugly
12%
usually
12%
village
12%
violet
12%
weight
12%
welcome
12%
western
12%
wire
12%
allright
11%
alright
11%
anybody
11%
apartment
11%
bang
11%
boil
11%
border
11%
borrow
11%
brick
11%
bronze
11%
brush
11%
busy
11%
button
11%
calm
11%
candy
11%
carpet
11%
chap
11%
character
11%
chart
11%
cheap
11%
climb
11%
clown
11%
comb
11%
comma
11%
compare
11%
continent
11%
core
11%
couch
11%
crown
11%
damn
11%
data
11%
decision
11%
diamond
11%
disease
11%
drum
11%
dust
11%
election
11%
email
11%
employ
11%
England
11%
enjoy
11%
exist
11%
explain
11%
finally
11%
forever
11%
frame
11%
further
11%
glad
11%
guard
11%
hammer
11%
holy
11%
justice
11%
knight
11%
lap
11%
limit
11%
lips
11%
litter
11%
loin
11%
lonely
11%
machine
11%
major
11%
mask
11%
memory
11%
mirror
11%
model
11%
motto
11%
movement
11%
neither
11%
nick
11%
official
11%
opera
11%
option
11%
pale
11%
pasta
11%
path
11%
peach
11%
perfect
11%
period
11%
pillow
11%
positive
11%
possible
11%
pour
11%
private
11%
professional
11%
profile
11%
progress
11%
proper
11%
proud
11%
puppy
11%
quarter
11%
rag
11%
rare
11%
rather
11%
report
11%
rope
11%
rot
11%
screen
11%
sill
11%
similar
11%
skirt
11%
spell
11%
stage
11%
stream
11%
strike
11%
sword
11%
tank
11%
taxi
11%
temper
11%
tend
11%
themselves
11%
thigh
11%
till
11%
tired
11%
upper
11%
used
11%
vacation
11%
wand
11%
ward
11%
weed
11%
wing
11%
wolf
11%
worry
11%
writer
11%
youth
11%
abort
10%
activity
10%
agreement
10%
ail
10%
alter
10%
angle
10%
assume
10%
avail
10%
avenue
10%
awake
10%
aware
10%
baker
10%
basic
10%
beard
10%
belt
10%
berry
10%
beyond
10%
Bible
10%
bigger
10%
blanket
10%
bleed
10%
bored
10%
brave
10%
breathe
10%
bud
10%
burger
10%
candle
10%
caption
10%
certain
10%
chop
10%
chose
10%
club
10%
code
10%
cone
10%
cookie
10%
crash
10%
crowd
10%
dart
10%
dawn
10%
driver
10%
elder
10%
emotion
10%
err
10%
everywhere
10%
exact
10%
expect
10%
fad
10%
failure
10%
famous
10%
fist
10%
fog
10%
fold
10%
forgive
10%
former
10%
fridge
10%
fund
10%
gather
10%
geography
10%
giraffe
10%
grace
10%
grade
10%
gram
10%
grant
10%
gum
10%
gut
10%
handle
10%
height
10%
horror
10%
hungry
10%
ideal
10%
invest
10%
Italian
10%
jest
10%
known
10%
lag
10%
leak
10%
lesson
10%
likely
10%
loan
10%
local
10%
meaning
10%
medium
10%
melt
10%
member
10%
meter
10%
mission
10%
moment
10%
monster
10%
mood
10%
mug
10%
nap
10%
nephew
10%
newspaper
10%
onion
10%
owe
10%
partner
10%
pause
10%
paw
10%
perform
10%
pose
10%
position
10%
pride
10%
probably
10%
professor
10%
promise
10%
rang
10%
rape
10%
reaction
10%
reader
10%
remain
10%
rib
10%
rip
10%
risk
10%
rod
10%
root
10%
running
10%
rush
10%
Russian
10%
salad
10%
scene
10%
seam
10%
secret
10%
sentence
10%
sever
10%
sexy
10%
shelf
10%
shut
10%
singer
10%
sir
10%
slip
10%
soda
10%
soil
10%
sole
10%
source
10%
southern
10%
spit
10%
stab
10%
standard
10%
steak
10%
strawberry
10%
stuff
10%
style
10%
sunny
10%
swear
10%
swing
10%
tennis
10%
thick
10%
tone
10%
tonight
10%
torn
10%
total
10%
toward
10%
trail
10%
trial
10%
trousers
10%
violin
10%
vision
10%
visit
10%
warn
10%
web
10%
whenever
10%
wig
10%
wool
10%
zone
10%
absolute
9%
achieve
9%
achy
9%
active
9%
afford
9%
afraid
9%
agent
9%
anyway
9%
assist
9%
avoid
9%
awesome
9%
awful
9%
bail
9%
bald
9%
belong
9%
boring
9%
boyfriend
9%
brake
9%
bride
9%
broad
9%
broken
9%
bum
9%
bust
9%
butterfly
9%
cabin
9%
cage
9%
captain
9%
career
9%
celebrate
9%
chat
9%
cheat
9%
cheer
9%
chemist
9%
Christian
9%
cigar
9%
clam
9%
click
9%
coach
9%
coast
9%
condition
9%
copy
9%
corner
9%
correct
9%
crack
9%
craft
9%
creation
9%
credit
9%
cub
9%
current
9%
daily
9%
degree
9%
director
9%
disco
9%
dolphin
9%
dome
9%
donkey
9%
doubt
9%
dove
9%
during
9%
dye
9%
ease
9%
eastern
9%
education
9%
effort
9%
engine
9%
entire
9%
entrance
9%
example
9%
fame
9%
fashion
9%
feast
9%
fed
9%
float
9%
flood
9%
foreign
9%
formal
9%
fried
9%
gender
9%
gentle
9%
girlfriend
9%
globe
9%
grab
9%
grate
9%
growth
9%
gym
9%
healthy
9%
honest
9%
hunger
9%
idiot
9%
include
9%
increase
9%
insect
9%
internet
9%
jeans
9%
lame
9%
lash
9%
lettuce
9%
lovely
9%
lust
9%
magazine
9%
maintain
9%
mare
9%
mart
9%
maximum
9%
measure
9%
medical
9%
mint
9%
mistake
9%
motor
9%
mud
9%
multiply
9%
necklace
9%
neigh
9%
nest
9%
niece
9%
noise
9%
northern
9%
noun
9%
novel
9%
ourselves
9%
outer
9%
oxygen
9%
pad
9%
palm
9%
peak
9%
peal
9%
pint
9%
plum
9%
poke
9%
polish
9%
politics
9%
pond
9%
prime
9%
process
9%
production
9%
provide
9%
punk
9%
quickly
9%
rack
9%
range
9%
ray
9%
realise
9%
relationship
9%
remove
9%
respect
9%
review
9%
ruler
9%
sample
9%
sauce
9%
seal
9%
series
9%
sexual
9%
shame
9%
size
9%
skill
9%
skinny
9%
slave
9%
slide
9%
slim
9%
sofa
9%
soldier
9%
sow
9%
spice
9%
spirit
9%
spoke
9%
subject
9%
subtract
9%
success
9%
support
9%
suppose
9%
surprise
9%
switch
9%
tag
9%
telephone
9%
temperature
9%
therefore
9%
tough
9%
trap
9%
tub
9%
turk
9%
valley
9%
value
9%
vein
9%
waist
9%
weapon
9%
weekend
9%
younger
9%
zip
9%
abandon
8%
accord
8%
acid
8%
addition
8%
admit
8%
ahead
8%
aids
8%
alarm
8%
alike
8%
appeal
8%
arrange
8%
arrow
8%
article
8%
available
8%
barn
8%
barrel
8%
beam
8%
beneath
8%
bent
8%
beside
8%
bicycle
8%
bind
8%
blame
8%
blast
8%
bond
8%
boob
8%
boom
8%
bother
8%
bound
8%
brace
8%
branch
8%
bullet
8%
bury
8%
cable
8%
café
8%
calf
8%
calling
8%
cancer
8%
cane
8%
cape
8%
caught
8%
champion
8%
charm
8%
cigarette
8%
cinema
8%
clay
8%
clearly
8%
closet
8%
collection
8%
comment
8%
community
8%
consider
8%
contact
8%
cope
8%
counter
8%
culture
8%
cure
8%
cycle
8%
deck
8%
defend
8%
depart
8%
design
8%
difference
8%
direction
8%
discuss
8%
document
8%
dragon
8%
drama
8%
duke
8%
earring
8%
edge
8%
edit
8%
empire
8%
employee
8%
enemy
8%
equal
8%
export
8%
express
8%
fade
8%
farmer
8%
fate
8%
favour
8%
feature
8%
fence
8%
flash
8%
flip
8%
focus
8%
forth
8%
fright
8%
frost
8%
froze
8%
gall
8%
garbage
8%
generation
8%
glasses
8%
global
8%
glow
8%
grill
8%
gross
8%
guide
8%
handsome
8%
haven
8%
haw
8%
hog
8%
hunter
8%
illness
8%
improve
8%
inch
8%
industry
8%
inner
8%
interesting
8%
international
8%
introduce
8%
iris
8%
jar
8%
jaw
8%
jewel
8%
jury
8%
kidney
8%
ledge
8%
lightning
8%
loving
8%
maker
8%
management
8%
manager
8%
marriage
8%
mention
8%
minor
8%
missing
8%
modern
8%
mole
8%
mop
8%
mow
8%
muscle
8%
muse
8%
navy
8%
nearly
8%
nowhere
8%
olive
8%
opinion
8%
owl
8%
pace
8%
paid
8%
paste
8%
payment
8%
peek
8%
physical
8%
pile
8%
plastic
8%
plead
8%
plot
8%
political
8%
prepare
8%
pressure
8%
prise
8%
prize
8%
program
8%
proof
8%
pros
8%
punch
8%
purse
8%
rage
8%
rainbow
8%
rainy
8%
rave
8%
relative
8%
rely
8%
rough
8%
runner
8%
sag
8%
salmon
8%
scary
8%
sect
8%
separate
8%
shadow
8%
sharp
8%
shell
8%
shove
8%
sibling
8%
signal
8%
skate
8%
skip
8%
society
8%
solid
8%
solution
8%
solve
8%
spear
8%
spine
8%
statement
8%
stove
8%
strip
8%
stuck
8%
subscribe
8%
supply
8%
swallow
8%
tame
8%
target
8%
task
8%
throat
8%
thumb
8%
timer
8%
toast
8%
tour
8%
training
8%
tram
8%
trend
8%
triangle
8%
triple
8%
trouble
8%
turkey
8%
union
8%
vehicle
8%
verb
8%
version
8%
victory
8%
waiter
8%
wealth
8%
weird
8%
whip
8%
windy
8%
worm
8%
wound
8%
zoom
8%
abbey
7%
abbot
7%
abuse
7%
adjust
7%
adore
7%
alien
7%
amber
7%
ancient
7%
argument
7%
asking
7%
backwards
7%
bacon
7%
badge
7%
balloon
7%
bane
7%
barb
7%
batter
7%
biggest
7%
bold
7%
bunny
7%
careful
7%
chemistry
7%
cherry
7%
chew
7%
chief
7%
clan
7%
clap
7%
classic
7%
cleave
7%
clothing
7%
clue
7%
coke
7%
colon
7%
commit
7%
concern
7%
concert
7%
contract
7%
cough
7%
crap
7%
creep
7%
crew
7%
cruise
7%
curse
7%
curtain
7%
custom
7%
darkness
7%
debate
7%
define
7%
demand
7%
dentist
7%
detail
7%
develop
7%
dice
7%
diet
7%
diner
7%
distance
7%
dope
7%
drain
7%
drank
7%
drawer
7%
drown
7%
economy
7%
educate
7%
entry
7%
eventually
7%
excite
7%
exercise
7%
experience
7%
expert
7%
extra
7%
extreme
7%
eyelash
7%
fare
7%
farther
7%
faster
7%
favourite
7%
fiction
7%
finance
7%
forehead
7%
frank
7%
friendly
7%
fries
7%
frozen
7%
garage
7%
garlic
7%
gig
7%
golden
7%
goodbye
7%
grain
7%
grease
7%
greed
7%
grew
7%
groom
7%
guilt
7%
handy
7%
hare
7%
held
7%
hint
7%
hire
7%
hook
7%
horrible
7%
hose
7%
hut
7%
impact
7%
impossible
7%
insane
7%
instead
7%
intelligent
7%
interview
7%
jell
7%
jog
7%
joker
7%
journey
7%
jumper
7%
jungle
7%
keyboard
7%
killer
7%
kingdom
7%
laid
7%
league
7%
leap
7%
lease
7%
leather
7%
liberty
7%
lid
7%
loop
7%
lucky
7%
maid
7%
material
7%
mathematics
7%
mental
7%
midnight
7%
minimum
7%
minister
7%
mobile
7%
motion
7%
necessary
7%
negative
7%
network
7%
oak
7%
object
7%
origin
7%
painting
7%
palace
7%
performance
7%
photograph
7%
physics
7%
poem
7%
pony
7%
project
7%
pump
7%
quality
7%
raw
7%
reading
7%
recent
7%
regard
7%
relate
7%
remind
7%
result
7%
reward
7%
roast
7%
royal
7%
rubber
7%
rust
7%
saint
7%
sap
7%
scissor
7%
screw
7%
security
7%
senior
7%
shallow
7%
shave
7%
shock
7%
shore
7%
silly
7%
situation
7%
slice
7%
snail
7%
sore
7%
speaker
7%
staff
7%
steer
7%
string
7%
suffer
7%
suggest
7%
tablet
7%
technology
7%
teenage
7%
terrible
7%
terror
7%
theatre
7%
theory
7%
thinking
7%
thirst
7%
thread
7%
tile
7%
tissue
7%
toll
7%
towel
7%
trace
7%
treatment
7%
trump
7%
T-shirt
7%
vice
7%
walker
7%
wander
7%
warrior
7%
wherever
7%
whiskey
7%
whisper
7%
abate
6%
abet
6%
abortion
6%
abroad
6%
absent
6%
absolutely
6%
accident
6%
accountant
6%
acre
6%
addict
6%
adding
6%
advance
6%
advertise
6%
advice
6%
allay
6%
alley
6%
allowance
6%
amaze
6%
amen
6%
annoy
6%
ante
6%
appearance
6%
appoint
6%
arrest
6%
attract
6%
authority
6%
bait
6%
balance
6%
bale
6%
bash
6%
bate
6%
beak
6%
behave
6%
beige
6%
bench
6%
biology
6%
blade
6%
bless
6%
blink
6%
blonde
6%
bolt
6%
bonus
6%
bounce
6%
British
6%
broom
6%
bubble
6%
bucket
6%
buff
6%
built
6%
cannon
6%
casual
6%
chess
6%
civil
6%
claw
6%
cleaver
6%
clever
6%
clip
6%
cloudy
6%
cola
6%
comedy
6%
compete
6%
competition
6%
complex
6%
connect
6%
content
6%
cord
6%
cotton
6%
crab
6%
crane
6%
crate
6%
creative
6%
creek
6%
crop
6%
cube
6%
cucumber
6%
curl
6%
curve
6%
damage
6%
dangerous
6%
darling
6%
dash
6%
defense
6%
deny
6%
depend
6%
describe
6%
destroy
6%
deter
6%
dew
6%
dip
6%
discover
6%
dock
6%
dough
6%
drill
6%
drip
6%
driven
6%
dull
6%
eater
6%
electricity
6%
employer
6%
envy
6%
erase
6%
error
6%
escape
6%
especially
6%
ewe
6%
exactly
6%
excel
6%
expensive
6%
factory
6%
fairy
6%
fancy
6%
fault
6%
feather
6%
flew
6%
foe
6%
format
6%
freak
6%
friendship
6%
frown
6%
fully
6%
function
6%
furry
6%
gamble
6%
gang
6%
generally
6%
giant
6%
glue
6%
graph
6%
grim
6%
grind
6%
grove
6%
hack
6%
hairy
6%
hamburger
6%
happiness
6%
hardly
6%
hawk
6%
haze
6%
hidden
6%
highest
6%
hike
6%
hind
6%
hockey
6%
hound
6%
idol
6%
indeed
6%
individual
6%
injury
6%
item
6%
jade
6%
jazz
6%
jelly
6%
joint
6%
jug
6%
knit
6%
knock
6%
knot
6%
labour
6%
landing
6%
lawn
6%
lazy
6%
length
6%
lent
6%
library
6%
lighten
6%
limb
6%
limp
6%
liquid
6%
lizard
6%
location
6%
loot
6%
lounge
6%
mansion
6%
massage
6%
melon
6%
merry
6%
mild
6%
military
6%
moan
6%
moist
6%
mommy
6%
moral
6%
moss
6%
nip
6%
noble
6%
noodle
6%
nun
6%
occur
6%
offend
6%
online
6%
opening
6%
operation
6%
ore
6%
organize
6%
original
6%
otter
6%
pail
6%
peel
6%
penny
6%
perhaps
6%
pest
6%
pitch
6%
pleasure
6%
plug
6%
poison
6%
policy
6%
politician
6%
population
6%
poster
6%
powder
6%
practice
6%
prayer
6%
prevent
6%
principal
6%
promote
6%
propose
6%
punish
6%
purpose
6%
quack
6%
queer
6%
queue
6%
quote
6%
raid
6%
rectangle
6%
reference
6%
region
6%
relax
6%
repair
6%
repeat
6%
reply
6%
represent
6%
research
6%
response
6%
reveal
6%
rifle
6%
robot
6%
rude
6%
ruin
6%
safety
6%
sailor
6%
sandwich
6%
satin
6%
saving
6%
scale
6%
scan
6%
scarf
6%
scope
6%
section
6%
secure
6%
serious
6%
settle
6%
several
6%
shear
6%
shed
6%
shield
6%
shopping
6%
sickness
6%
silk
6%
slap
6%
slope
6%
sneak
6%
somehow
6%
spare
6%
speech
6%
spike
6%
stain
6%
stalk
6%
stamp
6%
steam
6%
stew
6%
stink
6%
stroke
6%
struggle
6%
sudden
6%
sue
6%
surface
6%
swan
6%
sweater
6%
swimming
6%
tears
6%
teenager
6%
threat
6%
throughout
6%
ticket
6%
title
6%
tradition
6%
traffic
6%
trainer
6%
tray
6%
trey
6%
troll
6%
tube
6%
tune
6%
turtle
6%
underwear
6%
urban
6%
utter
6%
vary
6%
vent
6%
verse
6%
via
6%
vine
6%
vow
6%
wad
6%
wage
6%
wallet
6%
warning
6%
whoever
6%
wink
6%
woke
6%
wonderful
6%
wooden
6%
writing
6%
wrote
6%
aback
5%
aboard
5%
abstract
5%
accent
5%
accuse
5%
adjective
5%
administration
5%
adventure
5%
affair
5%
afterward
5%
aging
5%
album
5%
alert
5%
allot
5%
amuse
5%
analysis
5%
announce
5%
annual
5%
anytime
5%
appreciate
5%
approach
5%
approve
5%
Arab
5%
arrival
5%
artistic
5%
assign
5%
audio
5%
automatic
5%
awkward
5%
beaver
5%
became
5%
belief
5%
bid
5%
bitter
5%
blouse
5%
blueberry
5%
bob
5%
bog
5%
bout
5%
boxing
5%
brag
5%
brew
5%
brief
5%
brook
5%
bully
5%
burst
5%
cabinet
5%
carbon
5%
carton
5%
cartoon
5%
cattle
5%
cereal
5%
certainly
5%
channel
5%
chapter
5%
chef
5%
chips
5%
circus
5%
cliff
5%
climate
5%
clove
5%
collar
5%
coma
5%
command
5%
committee
5%
completely
5%
condo
5%
consume
5%
cooking
5%
council
5%
courage
5%
cram
5%
creature
5%
crib
5%
cricket
5%
cupboard
5%
customer
5%
dairy
5%
debt
5%
decrease
5%
definite
5%
delay
5%
democracy
5%
desire
5%
determine
5%
development
5%
dill
5%
ding
5%
dinosaur
5%
disk
5%
display
5%
diver
5%
division
5%
donut
5%
dread
5%
drove
5%
dug
5%
dump
5%
Dutch
5%
economic
5%
eel
5%
effective
5%
ego
5%
elk
5%
emerald
5%
environment
5%
evidence
5%
excellent
5%
except
5%
facility
5%
faint
5%
familiar
5%
festival
5%
fever
5%
fighter
5%
financial
5%
flake
5%
flesh
5%
flick
5%
flute
5%
flying
5%
follower
5%
formula
5%
fortune
5%
foul
5%
freezer
5%
galaxy
5%
gaze
5%
gem
5%
gentleman
5%
glory
5%
goodness
5%
gorge
5%
gown
5%
Greek
5%
grief
5%
grip
5%
grocer
5%
groin
5%
halt
5%
haunt
5%
heap
5%
hearing
5%
hem
5%
highway
5%
humanity
5%
hurry
5%
hydrogen
5%
icky
5%
icon
5%
icy
5%
illegal
5%
independent
5%
insurance
5%
intelligence
5%
introduction
5%
invent
5%
investment
5%
invite
5%
involve
5%
Jewish
5%
journal
5%
judgement
5%
junk
5%
keen
5%
kitty
5%
kneel
5%
label
5%
ladder
5%
laptop
5%
lately
5%
laughter
5%
laundry
5%
legend
5%
lever
5%
linear
5%
lorry
5%
lowest
5%
lump
5%
manner
5%
marker
5%
mash
5%
massive
5%
maze
5%
meow
5%
messy
5%
microphone
5%
microwave
5%
millennium
5%
moor
5%
mostly
5%
moving
5%
multiple
5%
museum
5%
mush
5%
musical
5%
mute
5%
myth
5%
narrow
5%
native
5%
needle
5%
nod
5%
nope
5%
normally
5%
notion
5%
nuclear
5%
oar
5%
observe
5%
obvious
5%
octopus
5%
opportunity
5%
opposite
5%
organization
5%
ought
5%
overall
5%
package
5%
painter
5%
partial
5%
particular
5%
partly
5%
passion
5%
patter
5%
patty
5%
peanut
5%
pigeon
5%
pilot
5%
pineapple
5%
pirate
5%
pocket
5%
polar
5%
pore
5%
Portuguese
5%
potion
5%
praise
5%
pretend
5%
principle
5%
printer
5%
producer
5%
profit
5%
pronoun
5%
property
5%
protection
5%
publish
5%
pupil
5%
purchase
5%
pure
5%
puzzle
5%
quake
5%
rank
5%
ratio
5%
raven
5%
recall
5%
reflect
5%
religious
5%
rend
5%
republic
5%
require
5%
reside
5%
resource
5%
retire
5%
rim
5%
roam
5%
robber
5%
rocket
5%
romance
5%
route
5%
ruby
5%
rugby
5%
sausage
5%
saying
5%
sector
5%
shade
5%
shampoo
5%
sheer
5%
shift
5%
shorts
5%
shown
5%
signature
5%
simply
5%
sitting
5%
skull
5%
slam
5%
slay
5%
slight
5%
slowly
5%
smaller
5%
smallest
5%
smith
5%
smooth
5%
solar
5%
spark
5%
species
5%
spicy
5%
split
5%
spray
5%
spread
5%
stable
5%
stall
5%
sting
5%
stir
5%
stool
5%
structure
5%
successful
5%
suddenly
5%
sunshine
5%
surgery
5%
survive
5%
sway
5%
sweep
5%
tape
5%
temple
5%
tense
5%
thirsty
5%
threw
5%
thrill
5%
throne
5%
tomb
5%
toss
5%
treasure
5%
trunk
5%
tummy
5%
tuna
5%
undo
5%
unless
5%
urge
5%
useful
5%
various
5%
vase
5%
veal
5%
vest
5%
vile
5%
volleyball
5%
washing
5%
wax
5%
whim
5%
whistle
5%
whiz
5%
width
5%
wisdom
5%
wizard
5%
woe
5%
womb
5%
wrap
5%
wreck
5%
zap
5%
zomby
5%
abash
4%
absence
4%
according
4%
addiction
4%
admire
4%
ads
4%
advertisement
4%
affection
4%
agency
4%
aghast
4%
alphabet
4%
aluminium
4%
ambulance
4%
animate
4%
anyhow
4%
anymore
4%
apologise
4%
apparent
4%
appointment
4%
apt
4%
archer
4%
arise
4%
ark
4%
armour
4%
arrangement
4%
artery
4%
aside
4%
asleep
4%
aspect
4%
assistant
4%
associate
4%
assure
4%
attic
4%
attorney
4%
audience
4%
automobile
4%
await
4%
backpack
4%
bakery
4%
baking
4%
banker
4%
banner
4%
bargain
4%
basement
4%
basically
4%
basis
4%
bathe
4%
battery
4%
beaten
4%
beetle
4%
behaviour
4%
benefit
4%
bishop
4%
bleak
4%
blend
4%
blur
4%
boast
4%
boost
4%
boxer
4%
bracelet
4%
breaking
4%
breeze
4%
bulb
4%
buyer
4%
cabbage
4%
calculate
4%
caller
4%
camel
4%
Canadian
4%
cancel
4%
carriage
4%
cater
4%
celery
4%
chalk
4%
chamber
4%
chemical
4%
chilly
4%
choir
4%
chorus
4%
chosen
4%
citizen
4%
classical
4%
cleaner
4%
cleaning
4%
clone
4%
comet
4%
comic
4%
commercial
4%
complain
4%
compose
4%
concrete
4%
confide
4%
confirm
4%
congress
4%
contest
4%
conversation
4%
convert
4%
cooper
4%
cork
4%
coward
4%
cowboy
4%
crave
4%
crayon
4%
crisis
4%
crisp
4%
crocodile
4%
cruel
4%
crunch
4%
crush
4%
crust
4%
crystal
4%
cushion
4%
dame
4%
damp
4%
dealer
4%
dealt
4%
deem
4%
defence
4%
delight
4%
delivery
4%
democrat
4%
department
4%
departure
4%
depression
4%
despite
4%
destiny
4%
detect
4%
diary
4%
dictionary
4%
difficulty
4%
dining
4%
discussion
4%
distant
4%
district
4%
doggie
4%
doggy
4%
donate
4%
doom
4%
dose
4%
doze
4%
draft
4%
drawing
4%
drawn
4%
dressing
4%
drift
4%
drone
4%
dryer
4%
dune
4%
dusk
4%
duty
4%
dying
4%
earthquake
4%
echo
4%
edgy
4%
editor
4%
elderly
4%
elementary
4%
elevator
4%
emerge
4%
emotional
4%
engage
4%
engineer
4%
entertain
4%
epic
4%
equality
4%
estate
4%
estimate
4%
evolution
4%
examination
4%
examine
4%
exchange
4%
excuse
4%
execute
4%
executive
4%
expand
4%
explore
4%
expression
4%
fabric
4%
fantastic
4%
fantasy
4%
fellow
4%
fetch
4%
fewer
4%
finding
4%
fingernail
4%
fireman
4%
fisher
4%
fishing
4%
flea
4%
fleet
4%
flop
4%
foam
4%
folder
4%
folk
4%
fond
4%
forearm
4%
formation
4%
fought
4%
fountain
4%
funeral
4%
furniture
4%
fury
4%
gale
4%
gallery
4%
gap
4%
gleam
4%
glen
4%
goods
4%
gorilla
4%
granddad
4%
grandparents
4%
granny
4%
grateful
4%
greater
4%
grocery
4%
guardian
4%
guilty
4%
gust
4%
habit
4%
hamster
4%
harbour
4%
harmony
4%
harp
4%
harvest
4%
haste
4%
heater
4%
helicopter
4%
helm
4%
herb
4%
herd
4%
highly
4%
hiss
4%
historic
4%
hive
4%
holder
4%
holding
4%
hollow
4%
homeless
4%
hoop
4%
hopeful
4%
hover
4%
humble
4%
hurricane
4%
ice cream
4%
identify
4%
identity
4%
imagination
4%
impress
4%
improvement
4%
income
4%
incredible
4%
index
4%
indicate
4%
indoor
4%
influence
4%
instrument
4%
intent
4%
intention
4%
internal
4%
invade
4%
Italy
4%
itch
4%
ivy
4%
jaguar
4%
jay
4%
jealous
4%
jerk
4%
junior
4%
justify
4%
keeper
4%
ketchup
4%
kettle
4%
kindness
4%
knuckle
4%
lance
4%
lard
4%
lasting
4%
layer
4%
leaden
4%
leadership
4%
leash
4%
lens
4%
lesbian
4%
lesser
4%
liberal
4%
lighter
4%
limited
4%
linger
4%
lint
4%
literally
4%
loaf
4%
locker
4%
loft
4%
luggage
4%
lying
4%
magical
4%
majority
4%
makeup
4%
marine
4%
married
4%
marsh
4%
meatloaf
4%
medal
4%
mend
4%
mere
4%
method
4%
metre
4%
mighty
4%
mock
4%
monthly
4%
motel
4%
mover
4%
mule
4%
mushroom
4%
mustard
4%
mystery
4%
naked
4%
napkin
4%
neighbour
4%
nerve
4%
nervous
4%
nickel
4%
nipple
4%
nitrogen
4%
nostril
4%
notebook
4%
nude
4%
obey
4%
obtain
4%
oldest
4%
opener
4%
orb
4%
outdoor
4%
pancake
4%
panel
4%
paradise
4%
parking
4%
parrot
4%
participate
4%
passage
4%
patch
4%
pattern
4%
pawn
4%
pearl
4%
personality
4%
personally
4%
petrol
4%
phrase
4%
pickle
4%
pier
4%
pike
4%
pipe
4%
plank
4%
platinum
4%
plenty
4%
plumb
4%
pod
4%
poker
4%
polite
4%
pollen
4%
powerful
4%
practical
4%
prefer
4%
pregnant
4%
presence
4%
presentation
4%
previous
4%
primary
4%
probable
4%
programme
4%
prose
4%
protein
4%
protest
4%
punishment
4%
racing
4%
rake
4%
ramp
4%
rapid
4%
rarely
4%
rasp
4%
raspberry
4%
rating
4%
rational
4%
rear
4%
recently
4%
reduce
4%
referee
4%
register
4%
rein
4%
release
4%
remark
4%
remote
4%
resident
4%
resist
4%
respond
4%
restore
4%
resume
4%
revolution
4%
ripe
4%
roar
4%
roller
4%
rook
4%
rove
4%
rural
4%
rut
4%
rye
4%
sadness
4%
sage
4%
sake
4%
salary
4%
sang
4%
saxophone
4%
scam
4%
scent
4%
scientist
4%
scroll
4%
select
4%
seller
4%
senate
4%
shovel
4%
significant
4%
silent
4%
sip
4%
skeleton
4%
skiing
4%
slavery
4%
sleepy
4%
sleeve
4%
slime
4%
slower
4%
smoking
4%
snap
4%
sob
4%
solo
4%
sorrow
4%
soy
4%
spam
4%
specific
4%
sphere
4%
spill
4%
splash
4%
spleen
4%
spoil
4%
spoken
4%
sponge
4%
squid
4%
statue
4%
steed
4%
stem
4%
stole
4%
storage
4%
stranger
4%
strength
4%
stress
4%
stripe
4%
stun
4%
submarine
4%
subway
4%
sunset
4%
superior
4%
supermarket
4%
tackle
4%
talent
4%
tart
4%
tattoo
4%
tease
4%
tender
4%
terrific
4%
theme
4%
thief
4%
tide
4%
tint
4%
toad
4%
tore
4%
towards
4%
traditional
4%
trait
4%
transport
4%
tread
4%
tribe
4%
trim
4%
twist
4%
underneath
4%
unity
4%
universal
4%
unknown
4%
upset
4%
vain
4%
vane
4%
variety
4%
vast
4%
vat
4%
veil
4%
versus
4%
vintage
4%
violent
4%
void
4%
wade
4%
waiting
4%
waitress
4%
weave
4%
weekly
4%
widow
4%
willow
4%
wipe
4%
wore
4%
worn
4%
worthy
4%
yearly
4%
yourselves
4%
zipper
4%
abdomen
3%
abide
3%
abnormal
3%
abode
3%
abolish
3%
abound
3%
abyss
3%
academic
3%
academy
3%
accounting
3%
accurate
3%
achievement
3%
acne
3%
activate
3%
additional
3%
adjustment
3%
adopt
3%
adorable
3%
advanced
3%
advantage
3%
adverb
3%
advise
3%
aggressive
3%
agriculture
3%
ailment
3%
airy
3%
aloud
3%
altar
3%
alternative
3%
altogether
3%
ammunition
3%
amongst
3%
ample
3%
amusement
3%
analyze
3%
anchor
3%
anxiety
3%
anxious
3%
apparently
3%
applause
3%
appropriate
3%
arena
3%
artificial
3%
ascend
3%
ashes
3%
assault
3%
assessment
3%
assignment
3%
athlete
3%
atmosphere
3%
attached
3%
attachment
3%
attraction
3%
avid
3%
background
3%
bacteria
3%
bagel
3%
baggage
3%
baggy
3%
ballet
3%
bandage
3%
barber
3%
barely
3%
barley
3%
barrier
3%
bastard
3%
batch
3%
begging
3%
besides
3%
biscuit
3%
bitten
3%
bladder
3%
blaze
3%
bloody
3%
bloom
3%
blown
3%
booth
3%
boots
3%
boredom
3%
bowling
3%
brass
3%
brilliant
3%
brim
3%
bruise
3%
brunette
3%
buckle
3%
budge
3%
bulk
3%
bump
3%
bunk
3%
butcher
3%
buzz
3%
calculator
3%
calendar
3%
campaign
3%
canal
3%
candid
3%
capture
3%
cardinal
3%
carefully
3%
carve
3%
catholic
3%
caution
3%
cease
3%
celebration
3%
celebrity
3%
cement
3%
charity
3%
charming
3%
charter
3%
childhood
3%
choke
3%
chore
3%
clash
3%
clearing
3%
cloak
3%
closure
3%
coconut
3%
coil
3%
collective
3%
colonel
3%
colony
3%
column
3%
comfort
3%
communicate
3%
communication
3%
comparison
3%
compass
3%
concept
3%
conclude
3%
conduct
3%
confer
3%
confident
3%
conflict
3%
confuse
3%
connection
3%
conquer
3%
constant
3%
construct
3%
container
3%
convince
3%
coral
3%
corpse
3%
costume
3%
crawl
3%
creepy
3%
crest
3%
crossing
3%
crying
3%
cue
3%
curious
3%
curly
3%
currently
3%
curry
3%
cutter
3%
dagger
3%
daisy
3%
dale
3%
dancer
3%
darn
3%
debit
3%
decent
3%
defeat
3%
definitely
3%
definition
3%
demonstrate
3%
dense
3%
dental
3%
depth
3%
designer
3%
detective
3%
device
3%
digital
3%
disagree
3%
disappear
3%
disaster
3%
disgust
3%
dislike
3%
divine
3%
diving
3%
divorce
3%
dole
3%
donation
3%
download
3%
downtown
3%
dozen
3%
drape
3%
dresser
3%
driving
3%
drought
3%
drummer
3%
duchess
3%
dunk
3%
dusty
3%
dwarf
3%
easier
3%
edition
3%
electrical
3%
emergency
3%
emperor
3%
encourage
3%
endless
3%
enormous
3%
ensure
3%
entertainment
3%
entirely
3%
envelope
3%
episode
3%
eraser
3%
establish
3%
everyday
3%
evolve
3%
execution
3%
exhaust
3%
existence
3%
expectation
3%
explanation
3%
explode
3%
extend
3%
external
3%
fabulous
3%
facial
3%
falcon
3%
fasten
3%
fax
3%
fend
3%
fern
3%
ferry
3%
fib
3%
fiend
3%
filter
3%
finishing
3%
fireplace
3%
flap
3%
flare
3%
flask
3%
flavour
3%
flex
3%
fling
3%
flirt
3%
flock
3%
flush
3%
foil
3%
following
3%
forbid
3%
foreigner
3%
forgiven
3%
forgotten
3%
fortunate
3%
foster
3%
frail
3%
freezing
3%
frequent
3%
frighten
3%
fulfil
3%
fume
3%
furious
3%
fuss
3%
gag
3%
gasp
3%
generous
3%
gigantic
3%
ginger
3%
glare
3%
glitter
3%
gloss
3%
goddess
3%
gorgeous
3%
governor
3%
graduate
3%
gravity
3%
gravy
3%
greatest
3%
Greece
3%
greedy
3%
greeting
3%
grit
3%
groan
3%
groove
3%
growing
3%
guarantee
3%
hag
3%
hallway
3%
handbag
3%
harmful
3%
harmless
3%
hateful
3%
hatred
3%
healing
3%
hearth
3%
heavenly
3%
hedge
3%
heir
3%
helmet
3%
helper
3%
helpful
3%
heroin
3%
hinge
3%
historical
3%
hoard
3%
homework
3%
homosexual
3%
honour
3%
hoof
3%
hopeless
3%
horizon
3%
horny
3%
hostess
3%
howl
3%
humid
3%
hump
3%
hush
3%
ignore
3%
immense
3%
imply
3%
incorrect
3%
industrial
3%
infant
3%
infer
3%
informal
3%
initial
3%
insert
3%
inspire
3%
instant
3%
institution
3%
insure
3%
intend
3%
intestine
3%
invention
3%
ivory
3%
jab
3%
janitor
3%
jersey
3%
jockey
3%
joining
3%
jolly
3%
journalist
3%
kidding
3%
kindergarten
3%
kindly
3%
knob
3%
lagoon
3%
lair
3%
largest
3%
latest
3%
launch
3%
legendary
3%
leopard
3%
letting
3%
licking
3%
liking
3%
lilac
3%
lily
3%
lipstick
3%
literature
3%
lively
3%
lobster
3%
locate
3%
loner
3%
longest
3%
loom
3%
lottery
3%
loyal
3%
lure
3%
madam
3%
magician
3%
maiden
3%
mainly
3%
malt
3%
mammal
3%
manor
3%
maple
3%
marble
3%
mattress
3%
mature
3%
mayor
3%
meadow
3%
means
3%
measurement
3%
mechanic
3%
medication
3%
mellow
3%
mercury
3%
mercy
3%
metric
3%
millionaire
3%
miracle
3%
misty
3%
mitten
3%
mixture
3%
monitor
3%
moody
3%
moreover
3%
mortal
3%
mosquito
3%
mourn
3%
moustache
3%
mummy
3%
musician
3%
nasty
3%
nearby
3%
nevertheless
3%
newest
3%
nicely
3%
nightmare
3%
nobility
3%
northwest
3%
oats
3%
objective
3%
obviously
3%
oddly
3%
offence
3%
officially
3%
omen
3%
operate
3%
oppose
3%
orchestra
3%
ordinary
3%
organic
3%
otherwise
3%
ounce
3%
oval
3%
pact
3%
painful
3%
paragraph
3%
particularly
3%
patient
3%
pavement
3%
peaceful
3%
pebble
3%
peck
3%
pedal
3%
peep
3%
peg
3%
penal
3%
penguin
3%
percentage
3%
perfume
3%
permanent
3%
permit
3%
phase
3%
philosophy
3%
pistol
3%
pity
3%
plague
3%
planner
3%
planning
3%
plantation
3%
pleasant
3%
pluck
3%
poetry
3%
policeman
3%
poorly
3%
poppy
3%
porter
3%
portion
3%
posh
3%
possess
3%
possibility
3%
possibly
3%
postal
3%
potent
3%
potential
3%
potter
3%
pout
3%
poverty
3%
prank
3%
preach
3%
prick
3%
probe
3%
proceed
3%
projection
3%
proven
3%
psychology
3%
pumpkin
3%
puppet
3%
quantity
3%
racism
3%
racist
3%
raft
3%
raisin
3%
rant
3%
rash
3%
reasonable
3%
rebel
3%
receipt
3%
reckon
3%
recognise
3%
recognize
3%
recover
3%
recycle
3%
reef
3%
refrigerator
3%
refuse
3%
regain
3%
regional
3%
regret
3%
regular
3%
reign
3%
reject
3%
renew
3%
replace
3%
reporter
3%
representative
3%
republican
3%
request
3%
rescue
3%
retail
3%
rhyme
3%
ridge
3%
robe
3%
rocky
3%
rolling
3%
rotate
3%
rotten
3%
rubbish
3%
ruling
3%
rusty
3%
salty
3%
sandy
3%
sanity
3%
sank
3%
scheme
3%
scissors
3%
scoop
3%
scout
3%
scratch
3%
secondary
3%
selfish
3%
sensible
3%
sensitive
3%
sergeant
3%
serial
3%
server
3%
sexuality
3%
sexually
3%
shelter
3%
shiny
3%
shrimp
3%
silence
3%
skyscraper
3%
sled
3%
sling
3%
slot
3%
sneeze
3%
soak
3%
socially
3%
socket
3%
sodium
3%
somewhat
3%
sooner
3%
soot
3%
spade
3%
spaghetti
3%
speck
3%
spent
3%
spinach
3%
spiritual
3%
spite
3%
stadium
3%
stake
3%
stale
3%
staple
3%
starve
3%
statistics
3%
steady
3%
steep
3%
stocking
3%
strain
3%
strand
3%
strap
3%
strategy
3%
stray
3%
stretch
3%
stronger
3%
studio
3%
submit
3%
substance
3%
succeed
3%
suffering
3%
suggestion
3%
suicide
3%
sunrise
3%
surely
3%
surname
3%
swamp
3%
swap
3%
swat
3%
swell
3%
swine
3%
tasty
3%
taught
3%
temporary
3%
tempt
3%
terrifying
3%
territory
3%
thankful
3%
thorn
3%
thorough
3%
timid
3%
topic
3%
totally
3%
tractor
3%
tragedy
3%
transform
3%
trauma
3%
triad
3%
tricky
3%
trigger
3%
troop
3%
truly
3%
tuck
3%
tug
3%
tulip
3%
twins
3%
typical
3%
umbrella
3%
uncommon
3%
underground
3%
uniform
3%
unique
3%
upside
3%
upward
3%
urgent
3%
urine
3%
urn
3%
usage
3%
useless
3%
vacuum
3%
vampire
3%
vanilla
3%
vault
3%
venue
3%
verify
3%
vessel
3%
villain
3%
violence
3%
virgin
3%
virus
3%
visa
3%
visitor
3%
visual
3%
vitamin
3%
vocal
3%
volcano
3%
volume
3%
vowel
3%
wagon
3%
wail
3%
warehouse
3%
warp
3%
watcher
3%
wealthy
3%
website
3%
wholly
3%
withdraw
3%
witness
3%
wrath
3%
wrest
3%
wring
3%
yacht
3%
yawn
3%
yearn
3%
yield
3%
yogurt
3%
zeal
3%
zigzag
3%
abattoir
2%
abbreviate
2%
abduct
2%
abed
2%
abhor
2%
ably
2%
abreast
2%
abridge
2%
abrupt
2%
absorb
2%
abusive
2%
acceptance
2%
accidental
2%
accomplish
2%
acknowledge
2%
acorn
2%
acquire
2%
adapt
2%
addicted
2%
adept
2%
admiration
2%
adoption
2%
adorn
2%
advocate
2%
aerial
2%
agile
2%
agony
2%
aiming
2%
airline
2%
aisle
2%
alcoholic
2%
alias
2%
allege
2%
alliance
2%
alloy
2%
almighty
2%
alternate
2%
amass
2%
ambition
2%
ambush
2%
amend
2%
amid
2%
anniversary
2%
announcement
2%
annoying
2%
anthem
2%
antique
2%
anyplace
2%
apology
2%
append
2%
appendix
2%
applaud
2%
approval
2%
apricot
2%
arctic
2%
arid
2%
armchair
2%
armed
2%
armpit
2%
arouse
2%
artful
2%
ascension
2%
assassin
2%
assembly
2%
asset
2%
assistance
2%
association
2%
assumption
2%
astound
2%
athletic
2%
atomic
2%
attain
2%
attitude
2%
attractive
2%
attribute
2%
auction
2%
audition
2%
auntie
2%
aura
2%
authentic
2%
avenge
2%
avert
2%
avow
2%
awaiting
2%
awareness
2%
awhile
2%
axis
2%
bachelor
2%
backyard
2%
badger
2%
badly
2%
balcony
2%
balk
2%
ballot
2%
banal
2%
banking
2%
banned
2%
banter
2%
barbecue
2%
barge
2%
barren
2%
bearing
2%
bedding
2%
beep
2%
beginner
2%
behold
2%
believer
2%
beloved
2%
betray
2%
betting
2%
beverage
2%
beware
2%
bikini
2%
birch
2%
bleach
2%
blender
2%
blessing
2%
bliss
2%
blizzard
2%
bloat
2%
blossom
2%
blot
2%
blunt
2%
blush
2%
bonfire
2%
booking
2%
bossy
2%
boulevard
2%
boundary
2%
bowel
2%
bracket
2%
braid
2%
brandy
2%
breathing
2%
bribe
2%
brink
2%
brood
2%
brotherhood
2%
browse
2%
brunch
2%
brute
2%
buddy
2%
budget
2%
bunch
2%
bundle
2%
burden
2%
bureau
2%
burnt
2%
burp
2%
calculation
2%
camping
2%
campus
2%
candidate
2%
canned
2%
canyon
2%
capable
2%
captive
2%
carbohydrate
2%
cardboard
2%
careless
2%
cargo
2%
carpenter
2%
cashier
2%
casino
2%
category
2%
caw
2%
cellar
2%
cellular
2%
Celsius
2%
cemetery
2%
censor
2%
ceremony
2%
chairman
2%
challenging
2%
champagne
2%
changing
2%
chapel
2%
charging
2%
cheater
2%
cheating
2%
cheerful
2%
chimney
2%
chord
2%
chunk
2%
cider
2%
cinnamon
2%
clamp
2%
classify
2%
classroom
2%
clause
2%
clearance
2%
clerk
2%
client
2%
cling
2%
clinic
2%
closest
2%
coarse
2%
cocoa
2%
coffin
2%
collapse
2%
colleague
2%
colourful
2%
colt
2%
combination
2%
combine
2%
comedian
2%
comfortable
2%
commander
2%
commerce
2%
commission
2%
compact
2%
companion
2%
completion
2%
complicate
2%
complication
2%
comprehend
2%
conditioner
2%
condom
2%
conference
2%
confess
2%
confidence
2%
confusion
2%
consent
2%
conservative
2%
conserve
2%
consideration
2%
consist
2%
constitution
2%
consumer
2%
context
2%
continual
2%
contrary
2%
convent
2%
convict
2%
cooler
2%
corporal
2%
corporate
2%
corporation
2%
correction
2%
corridor
2%
cottage
2%
counting
2%
countryside
2%
coy
2%
cracker
2%
cradle
2%
cranberry
2%
crease
2%
creed
2%
critic
2%
crook
2%
crumb
2%
cuddle
2%
cuff
2%
cultural
2%
cupcake
2%
curb
2%
currency
2%
cuter
2%
cutlery
2%
dandelion
2%
dandy
2%
Dane
2%
Daydream
2%
daydream
2%
daylight
2%
daytime
2%
daze
2%
deadly
2%
decay
2%
declaration
2%
declare
2%
decline
2%
defer
2%
delicious
2%
democratic
2%
demolish
2%
denial
2%
dependent
2%
deport
2%
deposit
2%
depressed
2%
descend
2%
description
2%
deserve
2%
despair
2%
destruct
2%
detain
2%
detest
2%
diagnose
2%
dictator
2%
digest
2%
dike
2%
dimension
2%
dimple
2%
directly
2%
disable
2%
disappoint
2%
discipline
2%
discovery
2%
dishonest
2%
distract
2%
disturb
2%
diverse
2%
divert
2%
dolly
2%
domain
2%
domestic
2%
dominant
2%
dominate
2%
doorbell
2%
doorway
2%
downstairs
2%
downward
2%
dramatic
2%
drench
2%
driveway
2%
dub
2%
dung
2%
earnest
2%
earnings
2%
easiest
2%
easily
2%
ebony
2%
educational
2%
efficient
2%
Egyptian
2%
electronic
2%
elegant
2%
elevate
2%
elite
2%
elsewhere
2%
embarrass
2%
emit
2%
employment
2%
enable
2%
enclose
2%
encounter
2%
endure
2%
enforce
2%
engagement
2%
enjoyment
2%
enlarge
2%
entering
2%
envious
2%
epoch
2%
equation
2%
erect
2%
errand
2%
escalator
2%
essay
2%
essence
2%
essential
2%
eternal
2%
ethic
2%
ethical
2%
ethnic
2%
evaluate
2%
evaluation
2%
evict
2%
evoke
2%
exception
2%
excess
2%
excited
2%
excitement
2%
exciting
2%
exclude
2%
exclusive
2%
exhibit
2%
exhibition
2%
expel
2%
expend
2%
expense
2%
experiment
2%
expertise
2%
explosion
2%
extent
2%
exterior
2%
extraordinary
2%
extremely
2%
eyeball
2%
eyelid
2%
fable
2%
facing
2%
faithful
2%
famine
2%
fang
2%
fastest
2%
fearful
2%
fearless
2%
federal
2%
fertile
2%
fiancé
2%
fiddle
2%
filing
2%
filling
2%
filth
2%
Finnish
2%
firearm
2%
firework
2%
fisherman
2%
fixing
2%
fixture
2%
flannel
2%
flaw
2%
flicker
2%
flint
2%
floral
2%
florist
2%
flowing
2%
flown
2%
fluent
2%
fluid
2%
flyer
2%
foggy
2%
font
2%
foolish
2%
forbidden
2%
forceful
2%
forcing
2%
forecast
2%
forgave
2%
formally
2%
fortress
2%
fossil
2%
foundation
2%
fowl
2%
fraction
2%
fragile
2%
frankly
2%
fraud
2%
freeway
2%
freight
2%
frequently
2%
fringe
2%
frontier
2%
frosty
2%
froth
2%
funding
2%
funds
2%
funk
2%
furnish
2%
fuse
2%
fusion
2%
futile
2%
gallon
2%
gardener
2%
garment
2%
gathering
2%
generator
2%
genetic
2%
genius
2%
genuine
2%
gesture
2%
ghetto
2%
gist
2%
gladly
2%
glamour
2%
glance
2%
gland
2%
glisten
2%
glutton
2%
gnaw
2%
gossip
2%
gracious
2%
graduation
2%
grammar
2%
grandchild
2%
granddaughter
2%
grandson
2%
grasp
2%
graveyard
2%
greasy
2%
grid
2%
grieve
2%
grope
2%
growl
2%
grumpy
2%
grunt
2%
gulf
2%
gutter
2%
haircut
2%
hairdresser
2%
halve
2%
hamlet
2%
hanging
2%
happily
2%
harden
2%
hardy
2%
harsh
2%
hash
2%
hatch
2%
having
2%
headache
2%
heading
2%
hearty
2%
heating
2%
heritage
2%
heron
2%
hesitate
2%
highlight
2%
hinder
2%
hitch
2%
hoax
2%
hobby
2%
homicide
2%
honestly
2%
honesty
2%
hoot
2%
hopefully
2%
housing
2%
hue
2%
hugely
2%
humour
2%
hunk
2%
hurl
2%
hurtful
2%
husk
2%
iceberg
2%
identical
2%
idiom
2%
idle
2%
imitate
2%
immature
2%
immediate
2%
immigrant
2%
immigration
2%
immortal
2%
importance
2%
impose
2%
impressive
2%
incline
2%
independence
2%
infection
2%
infinite
2%
inflate
2%
inflation
2%
inherit
2%
inject
2%
injection
2%
innocent
2%
input
2%
inquire
2%
insecure
2%
inspection
2%
install
2%
institute
2%
instruct
2%
intense
2%
interested
2%
interior
2%
intermediate
2%
investigate
2%
investor
2%
invisible
2%
invitation
2%
involvement
2%
inward
2%
ironic
2%
irony
2%
irritate
2%
itchy
2%
jeep
2%
jeer
2%
jewellery
2%
Jews
2%
jingle
2%
jobless
2%
juggle
2%
juicy
2%
jut
2%
kangaroo
2%
karate
2%
keel
2%
keg
2%
kernel
2%
kidnap
2%
kilometre
2%
kindle
2%
knack
2%
knead
2%
knitting
2%
knives
2%
lacy
2%
ladle
2%
landlord
2%
landscape
2%
lantern
2%
lark
2%
lateral
2%
lathe
2%
lather
2%
lavender
2%
laying
2%
leading
2%
lecture
2%
leisure
2%
lemonade
2%
lethal
2%
leverage
2%
license
2%
lifestyle
2%
lighting
2%
limitless
2%
linen
2%
lining
2%
linked
2%
liquor
2%
listener
2%
lobby
2%
lodge
2%
logic
2%
longing
2%
loosen
2%
lotion
2%
lots
2%
louder
2%
louse
2%
lousy
2%
lumber
2%
luxury
2%
lyrics
2%
madly
2%
madness
2%
magnet
2%
maintenance
2%
mania
2%
maniac
2%
mankind
2%
manly
2%
manual
2%
margin
2%
marketing
2%
marshal
2%
marvel
2%
marvellous
2%
mascara
2%
masculine
2%
maternal
2%
meanwhile
2%
mechanical
2%
meek
2%
melody
2%
memorial
2%
merge
2%
mesh
2%
meteor
2%
midday
2%
miller
2%
mince
2%
mineral
2%
minimal
2%
mink
2%
minority
2%
miser
2%
missile
2%
mistress
2%
moderate
2%
modify
2%
monarchy
2%
moonlight
2%
moot
2%
mope
2%
morality
2%
morbid
2%
moron
2%
mortgage
2%
mosque
2%
motive
2%
motorcycle
2%
mould
2%
muffin
2%
mural
2%
murderer
2%
mutton
2%
mystic
2%
nag
2%
namely
2%
narrative
2%
nationality
2%
naughty
2%
navigate
2%
nearest
2%
needy
2%
neighbourhood
2%
neutral
2%
newborn
2%
newly
2%
nicest
2%
noisy
2%
nosy
2%
notify
2%
nowadays
2%
null
2%
nutrition
2%
oath
2%
obese
2%
obsess
2%
occasion
2%
occupy
2%
o’clock
2%
offense
2%
omit
2%
onward
2%
opposition
2%
optional
2%
oral
2%
orator
2%
orbit
2%
outcome
2%
outlet
2%
output
2%
outsider
2%
overload
2%
overly
2%
oxen
2%
paddle
2%
panic
2%
panther
2%
parachute
2%
parade
2%
parcel
2%
pardon
2%
parental
2%
parliament
2%
partially
2%
particle
2%
parting
2%
passport
2%
password
2%
pastry
2%
pasture
2%
patience
2%
patio
2%
peasant
2%
pelt
2%
penalty
2%
peninsula
2%
pension
2%
perfection
2%
periodic
2%
permission
2%
pharmacy
2%
photography
2%
physically
2%
picket
2%
pierce
2%
pillar
2%
pimple
2%
pinch
2%
ping
2%
pitcher
2%
plaid
2%
platform
2%
playground
2%
pledge
2%
plight
2%
ploy
2%
plumber
2%
pollution
2%
ponder
2%
popularity
2%
porch
2%
porridge
2%
portal
2%
portrait
2%
possession
2%
poultry
2%
practise
2%
prawn
2%
precise
2%
predict
2%
pregnancy
2%
preparation
2%
prescribe
2%
prior
2%
priority
2%
prisoner
2%
privacy
2%
probability
2%
procedure
2%
prohibit
2%
promotion
2%
prompt
2%
pronounce
2%
properly
2%
proposal
2%
province
2%
publisher
2%
pudding
2%
puddle
2%
puff
2%
pullover
2%
pulse
2%
purge
2%
purr
2%
pyramid
2%
quail
2%
quaint
2%
questioning
2%
quicker
2%
quietly
2%
quilt
2%
quotation
2%
racial
2%
racket
2%
radical
2%
radius
2%
railroad
2%
railway
2%
raining
2%
rally
2%
ranger
2%
realization
2%
recipe
2%
reckless
2%
redden
2%
redeem
2%
reduction
2%
reflection
2%
reform
2%
rejoice
2%
relay
2%
relevant
2%
reliable
2%
relief
2%
relieve
2%
reminder
2%
render
2%
rental
2%
reptile
2%
requirement
2%
reserve
2%
resign
2%
resistance
2%
resolve
2%
resort
2%
responsibility
2%
responsible
2%
restrict
2%
retain
2%
retard
2%
retirement
2%
revenge
2%
revenue
2%
reverse
2%
revolve
2%
rhythm
2%
ribbon
2%
riddle
2%
riding
2%
rift
2%
righteous
2%
rightful
2%
ringer
2%
riot
2%
rising
2%
risky
2%
rite
2%
ritual
2%
rival
2%
robbery
2%
roe
2%
romantic
2%
rookie
2%
roommate
2%
royalty
2%
rumble
2%
rumour
2%
runaway
2%
runway
2%
sacred
2%
sacrifice
2%
saddle
2%
sadly
2%
safely
2%
salesman
2%
saliva
2%
salon
2%
salvation
2%
satellite
2%
satire
2%
saucer
2%
savage
2%
scalp
2%
scandal
2%
scarlet
2%
schedule
2%
scholar
2%
scoot
2%
scooter
2%
scotch
2%
scrap
2%
script
2%
sculpture
2%
secretary
2%
seize
2%
selection
2%
semester
2%
semi
2%
sensor
2%
sensual
2%
sequence
2%
seriously
2%
servant
2%
serving
2%
session
2%
settlement
2%
severe
2%
sewer
2%
sexist
2%
sheriff
2%
shiver
2%
shooter
2%
shorter
2%
shotgun
2%
shrink
2%
sidewalk
2%
sideway
2%
sincere
2%
sinner
2%
sketch
2%
slack
2%
slash
2%
slate
2%
slaughter
2%
sleigh
2%
slick
2%
slit
2%
slowing
2%
slum
2%
smack
2%
smash
2%
smelly
2%
smiling
2%
smother
2%
smug
2%
sniff
2%
snore
2%
snout
2%
snowman
2%
soften
2%
softly
2%
someday
2%
someplace
2%
sought
2%
sparrow
2%
spelling
2%
sperm
2%
spiral
2%
sponsor
2%
spook
2%
sporting
2%
spree
2%
sprinkle
2%
spun
2%
squad
2%
squash
2%
squat
2%
squirrel
2%
staircase
2%
stark
2%
starring
2%
stern
2%
sticky
2%
stiff
2%
stitch
2%
stoop
2%
strangle
2%
streak
2%
stride
2%
strive
2%
struck
2%
stunt
2%
subjective
2%
suburb
2%
suitcase
2%
suite
2%
summon
2%
sunglasses
2%
sunk
2%
sunlight
2%
superb
2%
supreme
2%
surfing
2%
surgeon
2%
surround
2%
survey
2%
suspect
2%
suspicious
2%
sustain
2%
swift
2%
symbol
2%
sympathy
2%
symptom
2%
syrup
2%
taint
2%
tenant
2%
tension
2%
terminal
2%
terrace
2%
terrorist
2%
testament
2%
texture
2%
thanksgiving
2%
thesis
2%
thieve
2%
thinner
2%
threaten
2%
thrift
2%
thrust
2%
thug
2%
tickle
2%
tidy
2%
tilt
2%
timber
2%
timing
2%
tobacco
2%
toenail
2%
token
2%
tonic
2%
toothbrush
2%
toothpaste
2%
torch
2%
toxic
2%
tragic
2%
trailer
2%
traitor
2%
tramp
2%
transfer
2%
translate
2%
transmission
2%
transparent
2%
treaty
2%
trench
2%
trophy
2%
tropical
2%
trout
2%
truce
2%
tunnel
2%
turner
2%
turnip
2%
tusk
2%
tutor
2%
tuxedo
2%
twig
2%
twilight
2%
twit
2%
udder
2%
ultimate
2%
understanding
2%
undone
2%
unequal
2%
unfair
2%
unfortunate
2%
unfortunately
2%
unicorn
2%
unlike
2%
unlock
2%
untie
2%
unusual
2%
vacant
2%
vaccine
2%
vague
2%
valid
2%
valuable
2%
vanish
2%
vanity
2%
vegetarian
2%
velvet
2%
verdict
2%
verge
2%
vertical
2%
veto
2%
vicious
2%
victim
2%
viewer
2%
vinegar
2%
virtual
2%
virtue
2%
visible
2%
visiting
2%
vocabulary
2%
volunteer
2%
vomit
2%
voting
2%
vouch
2%
voyage
2%
walnut
2%
waltz
2%
wardrobe
2%
warmer
2%
warming
2%
warmth
2%
warrant
2%
wary
2%
waterfall
2%
weaker
2%
weakness
2%
weasel
2%
welfare
2%
wheelchair
2%
whereas
2%
whichever
2%
wicked
2%
widen
2%
wider
2%
wiggle
2%
wilderness
2%
wireless
2%
wiser
2%
wishes
2%
wishful
2%
witty
2%
wives
2%
worship
2%
wrestle
2%
wrestling
2%
wrinkle
2%
wry
2%
yank
2%
yoga
2%
yolk
2%
youngest
2%
yummy
2%
zodiac
2%
abdicate
1%
abduction
1%
abhorrent
1%
abject
1%
ablaze
1%
able-bodied
1%
abnegate
1%
abolishment
1%
aboriginal
1%
abrasive
1%
absolve
1%
abstain
1%
abstinence
1%
absurd
1%
abundance
1%
abundant
1%
accelerate
1%
acceleration
1%
acceptable
1%
accessible
1%
accessory
1%
accidentally
1%
acclaim
1%
accommodate
1%
accommodation
1%
accompany
1%
accomplishment
1%
accuracy
1%
accusation
1%
aching
1%
acquaint
1%
acquaintance
1%
acrid
1%
acute
1%
adamant
1%
adaptation
1%
adhere
1%
adjoin
1%
adjourn
1%
administer
1%
admiral
1%
admission
1%
admonish
1%
adrenaline
1%
adroit
1%
adultery
1%
adulthood
1%
advancement
1%
adversary
1%
adverse
1%
advertising
1%
aesthetic
1%
affable
1%
affirm
1%
affirmative
1%
affluent
1%
affront
1%
agenda
1%
aggregate
1%
aggression
1%
agitate
1%
agreeable
1%
agreeing
1%
agricultural
1%
aimless
1%
aircraft
1%
airless
1%
akin
1%
alibi
1%
alight
1%
alignment
1%
allegation
1%
allergy
1%
allude
1%
allure
1%
allusion
1%
altitude
1%
amateur
1%
ambient
1%
ambiguous
1%
amenity
1%
amnesia
1%
amplify
1%
amusing
1%
analogy
1%
anatomy
1%
ancestor
1%
anew
1%
angrily
1%
anguish
1%
annex
1%
annotation
1%
annoyance
1%
antarctic
1%
antenna
1%
antibiotic
1%
anticipate
1%
antidote
1%
antipathy
1%
antler
1%
apathy
1%
apiece
1%
aplenty
1%
apparatus
1%
appealing
1%
appease
1%
appetite
1%
appliance
1%
applicant
1%
appraisal
1%
appraise
1%
appreciation
1%
apprehension
1%
approximately
1%
apron
1%
arbitrary
1%
arcade
1%
archery
1%
architect
1%
ardent
1%
argon
1%
aristocracy
1%
armless
1%
armory
1%
aroma
1%
array
1%
arson
1%
articulate
1%
artsy
1%
ascertain
1%
ashame
1%
ashtray
1%
ashy
1%
askew
1%
asparagus
1%
aspen
1%
aspiration
1%
assassination
1%
assent
1%
assert
1%
assort
1%
assortment
1%
assurance
1%
asthma
1%
astonishing
1%
astronaut
1%
asylum
1%
atheism
1%
attendance
1%
attendant
1%
attentive
1%
attest
1%
attire
1%
aubergine
1%
audacious
1%
audacity
1%
audible
1%
augment
1%
authorization
1%
automatically
1%
aversion
1%
aviation
1%
babble
1%
backfire
1%
backseat
1%
backup
1%
bailey
1%
bailiff
1%
ballroom
1%
balm
1%
bamboo
1%
banging
1%
banish
1%
bankrupt
1%
banquet
1%
baptism
1%
baptize
1%
barefoot
1%
barracks
1%
barter
1%
baseless
1%
bashful
1%
basin
1%
bathtub
1%
bazaar
1%
bearer
1%
beastly
1%
beautifully
1%
beautify
1%
beck
1%
becoming
1%
bedtime
1%
beehive
1%
beforehand
1%
befriend
1%
behalf
1%
behead
1%
believable
1%
belonging
1%
bending
1%
benefactor
1%
benevolent
1%
benign
1%
berth
1%
beset
1%
betrayal
1%
biased
1%
bigot
1%
bile
1%
bilingual
1%
billboard
1%
biological
1%
bizarre
1%
blackboard
1%
blare
1%
blaspheme
1%
bleat
1%
bleeding
1%
blemish
1%
blindness
1%
blister
1%
bloke
1%
bluff
1%
boiler
1%
boiling
1%
bookcase
1%
bookie
1%
bookstore
1%
booze
1%
borrowing
1%
bouncing
1%
bounty
1%
bouquet
1%
boyish
1%
brash
1%
brazen
1%
breach
1%
breadth
1%
breakdown
1%
breaker
1%
breakthrough
1%
breakup
1%
breather
1%
bribery
1%
bridal
1%
brighten
1%
brightest
1%
brisk
1%
broadcast
1%
broker
1%
brooch
1%
brother-in-law
1%
brutal
1%
buffet
1%
bulldog
1%
bulletin
1%
bullying
1%
bummer
1%
bumper
1%
bumpy
1%
bunker
1%
bureaucracy
1%
burglar
1%
burial
1%
bustle
1%
butler
1%
bystander
1%
cadet
1%
cafeteria
1%
caffeine
1%
caliber
1%
callous
1%
calmly
1%
calmness
1%
calorie
1%
calory
1%
canary
1%
cancelling
1%
capacity
1%
Capricorn
1%
captivate
1%
captivity
1%
caravan
1%
caraway
1%
cardiac
1%
caress
1%
carnival
1%
carrier
1%
carrying
1%
carter
1%
cascade
1%
cask
1%
casket
1%
casserole
1%
casting
1%
casualty
1%
catalogue
1%
catching
1%
caterer
1%
catering
1%
caterpillar
1%
cathedral
1%
cauliflower
1%
cavalry
1%
cavity
1%
cedar
1%
cede
1%
centimetre
1%
ceramic
1%
certificate
1%
certified
1%
championship
1%
chancy
1%
charitable
1%
chateau
1%
chatter
1%
cheering
1%
cheerless
1%
cheery
1%
cheesy
1%
cheque
1%
cherish
1%
chestnut
1%
chewing
1%
childish
1%
chirp
1%
chisel
1%
chopper
1%
circuit
1%
circular
1%
circumstance
1%
civic
1%
civilian
1%
civilization
1%
civilize
1%
clack
1%
clad
1%
clang
1%
clarify
1%
clarity
1%
clasp
1%
classmate
1%
classy
1%
clement
1%
clergy
1%
climax
1%
climbing
1%
clinical
1%
clipper
1%
clod
1%
clog
1%
clout
1%
clueless
1%
clumsy
1%
clutch
1%
clutter
1%
coax
1%
cobbler
1%
cocktail
1%
cognition
1%
coincidence
1%
coldness
1%
collaborate
1%
collector
1%
cologne
1%
colonial
1%
combat
1%
combustible
1%
comfy
1%
commemorate
1%
commence
1%
commentary
1%
commissioner
1%
commitment
1%
commotion
1%
compartment
1%
compassion
1%
compatible
1%
compensate
1%
compensation
1%
competitive
1%
compile
1%
complaint
1%
complement
1%
compliance
1%
compliment
1%
component
1%
composition
1%
comprehension
1%
comprehensive
1%
compress
1%
comprise
1%
compromise
1%
comrade
1%
conceal
1%
conceivable
1%
conceive
1%
concentrate
1%
concentration
1%
conclusion
1%
concur
1%
condemn
1%
condiment
1%
conditions
1%
confession
1%
confidential
1%
confirmation
1%
confront
1%
confused
1%
congratulations
1%
conjunction
1%
connected
1%
conscious
1%
consequence
1%
consequently
1%
conservation
1%
considerable
1%
considerably
1%
considerate
1%
consistent
1%
console
1%
consonant
1%
constantly
1%
constellation
1%
constitute
1%
constrain
1%
construction
1%
consult
1%
consumption
1%
contagious
1%
contemporary
1%
continental
1%
continuing
1%
continuous
1%
contraceptive
1%
contractor
1%
contradict
1%
contrast
1%
contribute
1%
contribution
1%
controversial
1%
controversy
1%
convention
1%
convertible
1%
convey
1%
conviction
1%
convincing
1%
cooked
1%
cookery
1%
coolest
1%
coordinate
1%
co-ordinate
1%
copier
1%
cordial
1%
corny
1%
correctly
1%
correspond
1%
correspondence
1%
corrupt
1%
corruption
1%
cosmic
1%
costs
1%
cosy
1%
counsel
1%
counsellor
1%
countdown
1%
coupon
1%
courageous
1%
courtroom
1%
coverage
1%
covering
1%
covert
1%
cower
1%
cozy
1%
cramp
1%
crappy
1%
crater
1%
craving
1%
craziness
1%
credential
1%
cremate
1%
crescent
1%
crimson
1%
cripple
1%
critical
1%
criticize
1%
croak
1%
crochet
1%
crock
1%
crooked
1%
crucial
1%
crude
1%
cruelty
1%
crumple
1%
crusade
1%
crutch
1%
cubicle
1%
cuisine
1%
cupid
1%
curiosity
1%
custody
1%
customs
1%
cylinder
1%
daft
1%
dainty
1%
damaged
1%
damaging
1%
dangle
1%
daring
1%
dated
1%
dazzle
1%
deacon
1%
deadline
1%
dealing
1%
dearest
1%
debut
1%
deceased
1%
deceive
1%
decimal
1%
decompose
1%
decorate
1%
decoration
1%
decree
1%
dedicate
1%
dedicated
1%
deduce
1%
deduct
1%
defendant
1%
defender
1%
defensive
1%
deficit
1%
defrost
1%
defy
1%
deity
1%
delayed
1%
delegate
1%
deliberate
1%
delicacy
1%
delicate
1%
delicatessen
1%
delightful
1%
delusion
1%
demonic
1%
demonstration
1%
demote
1%
density
1%
dependable
1%
deplorable
1%
deputy
1%
derange
1%
derivative
1%
derive
1%
desist
1%
desolate
1%
desperate
1%
despise
1%
destination
1%
destined
1%
destruction
1%
destructive
1%
detached
1%
detention
1%
detergent
1%
determination
1%
determined
1%
detour
1%
devastated
1%
deviate
1%
devour
1%
diabete
1%
diagnosis
1%
dialect
1%
dialogue
1%
diaper
1%
dictate
1%
dietary
1%
differently
1%
digestion
1%
digestive
1%
digging
1%
diminish
1%
dining-room
1%
diploma
1%
dipping
1%
disability
1%
disadvantage
1%
disappointment
1%
disastrous
1%
discard
1%
disciple
1%
discord
1%
discourse
1%
discreet
1%
discrimination
1%
disguise
1%
disgusting
1%
dishwasher
1%
dismal
1%
dismay
1%
dismiss
1%
disorder
1%
dispense
1%
disperse
1%
dispute
1%
disregard
1%
distinct
1%
distinguish
1%
distort
1%
distraction
1%
distribution
1%
disturbance
1%
ditch
1%
diverge
1%
diversion
1%
diversity
1%
divided
1%
dizzy
1%
documentary
1%
donor
1%
doorstep
1%
dormitory
1%
doughnut
1%
drake
1%
drastic
1%
draught
1%
dreadful
1%
dreamt
1%
dressed
1%
dried
1%
dripping
1%
drizzle
1%
droop
1%
drugged
1%
dual
1%
duct
1%
dummy
1%
dumpling
1%
dwell
1%
dynamic
1%
dynasty
1%
eager
1%
earlobe
1%
earthy
1%
easel
1%
eclipse
1%
ecology
1%
economical
1%
economics
1%
edible
1%
editorial
1%
eject
1%
elastic
1%
elemental
1%
eliminate
1%
eloquent
1%
embark
1%
embassy
1%
emblem
1%
embrace
1%
embryo
1%
emotionally
1%
emphasis
1%
emphasize
1%
empower
1%
emptiness
1%
enact
1%
encase
1%
enchant
1%
enchantment
1%
encode
1%
encouragement
1%
endurance
1%
energetic
1%
engineering
1%
engrave
1%
enhance
1%
enigma
1%
enlighten
1%
entail
1%
enterprise
1%
environmental
1%
envoy
1%
equally
1%
equator
1%
equipment
1%
equity
1%
equivalent
1%
erotic
1%
escort
1%
establishment
1%
esteem
1%
etc.
1%
eternity
1%
evacuate
1%
eventful
1%
evergreen
1%
exaggerate
1%
exceed
1%
exceptional
1%
excessive
1%
exclaim
1%
exclusion
1%
exempt
1%
exhale
1%
exhausting
1%
exile
1%
existing
1%
exotic
1%
expansion
1%
expedition
1%
expenditure
1%
expire
1%
explicit
1%
exploit
1%
explorer
1%
explosive
1%
expose
1%
expulsion
1%
extension
1%
extensive
1%
extract
1%
extraction
1%
eyeshadow
1%
eyesight
1%
facet
1%
faculty
1%
fading
1%
Fahrenheit
1%
fairly
1%
fairness
1%
falsify
1%
falter
1%
faraway
1%
farewell
1%
fatal
1%
fathom
1%
fatigue
1%
favourable
1%
feeble
1%
feedback
1%
feeding
1%
feint
1%
fellowship
1%
feminine
1%
ferment
1%
fertility
1%
festive
1%
festivity
1%
feud
1%
fiancée
1%
fibber
1%
fibre
1%
fickle
1%
fidget
1%
fillet
1%
filming
1%
filthy
1%
finch
1%
finest
1%
fingertip
1%
firing
1%
firmly
1%
firstly
1%
fishy
1%
fitness
1%
fizzy
1%
flames
1%
flank
1%
flashlight
1%
flashy
1%
flatten
1%
flatter
1%
fleck
1%
flexible
1%
flinch
1%
floss
1%
flounder
1%
flourish
1%
fluency
1%
fluffy
1%
flurry
1%
flutter
1%
fodder
1%
foetus
1%
folding
1%
foliage
1%
folly
1%
fondle
1%
foremost
1%
forgery
1%
forgiveness
1%
forgiving
1%
formerly
1%
forsake
1%
fortnight
1%
fortunately
1%
forum
1%
fracture
1%
fragment
1%
framework
1%
franchise
1%
frantic
1%
fraternity
1%
freelance
1%
freely
1%
frenzy
1%
frequency
1%
freshman
1%
friction
1%
frisk
1%
frizz
1%
frock
1%
fudge
1%
fungus
1%
funky
1%
furnace
1%
furthermore
1%
fuzzy
1%
gabble
1%
gadget
1%
gage
1%
gaily
1%
gainful
1%
gait
1%
gallop
1%
gambling
1%
gangster
1%
gargle
1%
gaunt
1%
gauntlet
1%
gauze
1%
gelatine
1%
generic
1%
generosity
1%
genial
1%
gently
1%
genuinely
1%
geometry
1%
getaway
1%
ghastly
1%
giggle
1%
gills
1%
girlie
1%
glacier
1%
glaze
1%
gleeful
1%
glide
1%
glimpse
1%
glitch
1%
gloat
1%
gloomy
1%
glorify
1%
glorious
1%
gloves
1%
glowing
1%
glum
1%
gluttony
1%
gnat
1%
godfather
1%
godmother
1%
goldfish
1%
goodnight
1%
goody
1%
gospel
1%
gourmet
1%
graceful
1%
gradual
1%
gradually
1%
grandchildren
1%
granite
1%
grapefruit
1%
gratitude
1%
graze
1%
greatly
1%
greatness
1%
greens
1%
grilled
1%
grub
1%
grudge
1%
guidance
1%
gullible
1%
gulp
1%
gunfire
1%
gush
1%
guts
1%
gymnasium
1%
gypsy
1%
hammock
1%
hamper
1%
handcuff
1%
handful
1%
handkerchief
1%
hank
1%
harass
1%
hardness
1%
hardware
1%
harrow
1%
harry
1%
hassle
1%
hatchet
1%
haul
1%
haunted
1%
hazard
1%
hazardous
1%
hazel
1%
hazy
1%
headlight
1%
headline
1%
headphone
1%
heartbeat
1%
heartbreak
1%
heartbroken
1%
heather
1%
heavily
1%
helpless
1%
hence
1%
herald
1%
herbal
1%
heroic
1%
hesitation
1%
hew
1%
highness
1%
hiking
1%
hilarious
1%
hindrance
1%
hindsight
1%
hoarse
1%
homemade
1%
hooray
1%
horizontal
1%
hormone
1%
horrified
1%
hospitality
1%
hostage
1%
hostile
1%
household
1%
humankind
1%
humidity
1%
hunch
1%
hurdle
1%
husky
1%
hustle
1%
hybrid
1%
hygiene
1%
hypothesis
1%
icicle
1%
identification
1%
idiotic
1%
ignoble
1%
ignorant
1%
ignoring
1%
illicit
1%
illuminate
1%
illusion
1%
illustrate
1%
illustration
1%
immediately
1%
immerse
1%
immigrate
1%
immobile
1%
immoral
1%
immortality
1%
impartial
1%
impel
1%
imperial
1%
implant
1%
implication
1%
implore
1%
impolite
1%
importantly
1%
impossibility
1%
imposter
1%
impression
1%
improbable
1%
improper
1%
inappropriate
1%
incident
1%
incite
1%
incoming
1%
incomplete
1%
incorporate
1%
indication
1%
indirect
1%
induce
1%
indulge
1%
inert
1%
infamous
1%
infected
1%
inferior
1%
infertile
1%
inflame
1%
influenza
1%
informant
1%
ingenious
1%
ingredient
1%
inhabit
1%
inhabitant
1%
inhale
1%
inheritance
1%
initially
1%
injured
1%
inland
1%
inmate
1%
innocence
1%
innovation
1%
inquiry
1%
insanity
1%
insecurity
1%
insensitive
1%
insight
1%
insinuate
1%
insist
1%
insomnia
1%
inspector
1%
inspiration
1%
instance
1%
instruction
1%
instructor
1%
insulation
1%
insult
1%
integral
1%
intellect
1%
intellectual
1%
intensive
1%
interact
1%
intercourse
1%
interfere
1%
interference
1%
intermediary
1%
interpret
1%
interrogation
1%
interrupt
1%
intersection
1%
interstate
1%
interval
1%
intimate
1%
intimidate
1%
intrude
1%
intuition
1%
invalid
1%
invasion
1%
inventory
1%
investigation
1%
investigator
1%
invincible
1%
invoice
1%
invoke
1%
irrational
1%
irregular
1%
irrelevant
1%
irritating
1%
isolate
1%
isolated
1%
isolation
1%
itching
1%
jackal
1%
jagged
1%
javelin
1%
jealousy
1%
jigsaw
1%
jinx
1%
jogging
1%
joggle
1%
jolt
1%
journalism
1%
jovial
1%
joyful
1%
joyous
1%
judicial
1%
jumbo
1%
jumpy
1%
junction
1%
junkie
1%
justification
1%
juvenile
1%
keyhole
1%
keynote
1%
kinky
1%
laboratory
1%
lacking
1%
laden
1%
lament
1%
landmark
1%
lank
1%
lardy
1%
largely
1%
larger
1%
latch
1%
latent
1%
latitude
1%
laurel
1%
lavish
1%
lawsuit
1%
lax
1%
leech
1%
leery
1%
leftover
1%
legacy
1%
legalize
1%
legally
1%
leggy
1%
legislation
1%
levy
1%
liable
1%
libel
1%
librarian
1%
licence
1%
lieutenant
1%
lifetime
1%
lifting
1%
lightly
1%
likeable
1%
likelihood
1%
limbo
1%
limitation
1%
lineal
1%
lioness
1%
lisp
1%
listed
1%
listless
1%
lithe
1%
litre
1%
loathe
1%
locally
1%
lockdown
1%
locket
1%
locking
1%
locomotive
1%
logical
1%
lollipop
1%
longitude
1%
luckily
1%
lukewarm
1%
lull
1%
lullaby
1%
lumpy
1%
lurk
1%
macaroni
1%
madden
1%
maestro
1%
mafia
1%
magnetic
1%
magnificent
1%
magnify
1%
mailman
1%
maim
1%
majestic
1%
majesty
1%
malice
1%
malicious
1%
mammoth
1%
mandate
1%
mandatory
1%
manhood
1%
manslaughter
1%
manufacture
1%
marathon
1%
margarine
1%
marijuana
1%
marital
1%
marrow
1%
marten
1%
martial
1%
martyr
1%
massacre
1%
masterpiece
1%
matrix
1%
maturity
1%
mayhem
1%
mayonnaise
1%
meaningful
1%
meaningless
1%
medieval
1%
mediocre
1%
melancholy
1%
melting
1%
memorize
1%
menace
1%
mentally
1%
mentor
1%
merchandise
1%
merchant
1%
merger
1%
merit
1%
mermaid
1%
messenger
1%
metaphor
1%
metropolitan
1%
microscope
1%
midge
1%
midget
1%
midst
1%
migrant
1%
migration
1%
mimic
1%
minder
1%
mindless
1%
mingle
1%
miniature
1%
minimize
1%
ministry
1%
miraculous
1%
mirth
1%
mischief
1%
miserable
1%
misery
1%
mislead
1%
mistaken
1%
mistrust
1%
misunderstand
1%
mixed
1%
mocking
1%
modeling
1%
modest
1%
module
1%
moisture
1%
molecule
1%
momentary
1%
monastery
1%
monopoly
1%
monument
1%
morally
1%
morgue
1%
motherhood
1%
motivate
1%
motivation
1%
motorway
1%
muddy
1%
muffle
1%
mulberry
1%
mumble
1%
mussel
1%
musty
1%
mutter
1%
mutual
1%
muzzle
1%
mysterious
1%
mystical
1%
naive
1%
nameless
1%
nanny
1%
naturally
1%
nautical
1%
naval
1%
navel
1%
necessity
1%
needless
1%
neglect
1%
negotiate
1%
negotiation
1%
nestle
1%
nettle
1%
neurotic
1%
nicer
1%
nickname
1%
nightingale
1%
nimble
1%
nomad
1%
nominal
1%
nominate
1%
nonetheless
1%
nonfiction
1%
nonsense
1%
nook
1%
noose
1%
notary
1%
notch
1%
notwithstanding
1%
nought
1%
novice
1%
no way
1%
nudge
1%
nuisance
1%
numeral
1%
numerous
1%
nursery
1%
nurture
1%
nutmeg
1%
nutrient
1%
nutty
1%
nylon
1%
oasis
1%
oatmeal
1%
objection
1%
obligation
1%
oblige
1%
oblivion
1%
obscure
1%
observation
1%
obsession
1%
obsessive
1%
occasional
1%
occupation
1%
occurrence
1%
odds
1%
odour
1%
of course
1%
offender
1%
offensive
1%
offspring
1%
oily
1%
ointment
1%
Olympics
1%
omelette
1%
ominous
1%
oneself
1%
openly
1%
open-minded
1%
operator
1%
opponent
1%
oppress
1%
orchard
1%
orchid
1%
ordeal
1%
orderly
1%
ordinarily
1%
organism
1%
orient
1%
orientation
1%
orphan
1%
orthodox
1%
ostrich
1%
outdoors
1%
outfit
1%
outlook
1%
outrage
1%
outskirts
1%
outstanding
1%
outward
1%
overboard
1%
overcome
1%
overdo
1%
overdue
1%
overestimate
1%
overlook
1%
override
1%
overseas
1%
overtake
1%
overtime
1%
overweight
1%
overwhelm
1%
owing
1%
ownership
1%
oxide
1%
oyster
1%
pacific
1%
pacify
1%
pagan
1%
pageant
1%
painkiller
1%
painless
1%
pajamas
1%
pancreas
1%
pang
1%
pansy
1%
panties
1%
paperwork
1%
parable
1%
parallel
1%
paralyzed
1%
paramedic
1%
paranoia
1%
parch
1%
parenting
1%
parole
1%
parsley
1%
parson
1%
participant
1%
participation
1%
partition
1%
partnership
1%
passable
1%
passenger
1%
passionate
1%
passive
1%
patent
1%
pathetic
1%
patriot
1%
patrol
1%
patron
1%
peachy
1%
peacock
1%
pectoral
1%
peculiar
1%
pedestrian
1%
pending
1%
pendulum
1%
penetrate
1%
perceive
1%
perception
1%
perch
1%
perfectly
1%
peril
1%
perimeter
1%
perish
1%
perk
1%
perseverance
1%
persevere
1%
persist
1%
persistent
1%
perspective
1%
persuade
1%
pert
1%
pervert
1%
pester
1%
petty
1%
phantom
1%
pheasant
1%
photographer
1%
physician
1%
pianist
1%
pickup
1%
picky
1%
picnic
1%
picturesque
1%
piercing
1%
piety
1%
piggy
1%
pine cone
1%
pioneer
1%
piper
1%
placing
1%
plait
1%
plaster
1%
plausible
1%
playful
1%
pleased
1%
pleat
1%
plough
1%
plume
1%
plump
1%
plunder
1%
plural
1%
plywood
1%
poetic
1%
pointless
1%
poise
1%
poisonous
1%
polarity
1%
politically
1%
pollute
1%
popcorn
1%
pops
1%
populate
1%
porcelain
1%
portable
1%
positively
1%
postman
1%
postpone
1%
potatoes
1%
potentially
1%
pottery
1%
pouch
1%
pounce
1%
powerless
1%
practically
1%
practitioner
1%
pram
1%
preacher
1%
precede
1%
precedent
1%
precious
1%
preface
1%
preference
1%
prefix
1%
prelude
1%
premiere
1%
premise
1%
prescription
1%
preserve
1%
presidential
1%
prestige
1%
presume
1%
prevention
1%
preview
1%
previously
1%
primitive
1%
prism
1%
privately
1%
processing
1%
procession
1%
proclaim
1%
procure
1%
productive
1%
professionally
1%
profitable
1%
profound
1%
programming
1%
prologue
1%
prolong
1%
prominent
1%
promising
1%
prone
1%
propel
1%
prophecy
1%
proportion
1%
proposition
1%
prosecute
1%
prosecutor
1%
prospect
1%
prosperity
1%
prostitute
1%
protective
1%
protector
1%
Protestant
1%
provision
1%
provoke
1%
prowess
1%
prowl
1%
proximity
1%
psychic
1%
psychological
1%
puberty
1%
publication
1%
publicity
1%
pulp
1%
punctual
1%
pungent
1%
purely
1%
purity
1%
pursue
1%
pursuit
1%
pushy
1%
quarrel
1%
quarry
1%
quarterback
1%
quay
1%
quell
1%
quench
1%
questionable
1%
quickie
1%
quid
1%
quiver
1%
rabid
1%
radiant
1%
radiation
1%
radish
1%
raffle
1%
ragged
1%
railing
1%
ramble
1%
rancid
1%
ransom
1%
rapidly
1%
rapt
1%
rapture
1%
rarity
1%
rattle
1%
razor
1%
realistic
1%
realm
1%
reasonably
1%
reassure
1%
rebellion
1%
rebound
1%
receiver
1%
reception
1%
recess
1%
recite
1%
reclaim
1%
recline
1%
recoil
1%
recommend
1%
recorder
1%
recruit
1%
redhead
1%
reek
1%
refine
1%
reflex
1%
refrain
1%
refuge
1%
refund
1%
refusal
1%
regardless
1%
regent
1%
regime
1%
registration
1%
regulation
1%
reinforce
1%
rejection
1%
relaxing
1%
relish
1%
relive
1%
remaining
1%
remarkable
1%
remedy
1%
removal
1%
renewal
1%
repay
1%
repel
1%
repent
1%
repetition
1%
replacement
1%
replica
1%
representation
1%
reprimand
1%
reputation
1%
resemble
1%
resent
1%
reservation
1%
reset
1%
residence
1%
residential
1%
resolution
1%
resourceful
1%
respectable
1%
respectful
1%
respite
1%
restoration
1%
restrain
1%
restriction
1%
restroom
1%
resurrection
1%
retreat
1%
retrieve
1%
reunion
1%
revelation
1%
reverend
1%
revert
1%
revive
1%
revoke
1%
revolt
1%
revolutionary
1%
rewind
1%
rewrite
1%
rhinoceros
1%
richest
1%
ridiculous
1%
righty
1%
rigid
1%
rile
1%
rind
1%
rinse
1%
ripple
1%
rivet
1%
rogue
1%
rosy
1%
rouge
1%
roughly
1%
rouse
1%
routine
1%
rudder
1%
rummage
1%
ruse
1%
rustic
1%
rustle
1%
ruthless
1%
sabotage
1%
safest
1%
sailing
1%
sally
1%
salute
1%
sanctuary
1%
sardine
1%
satisfaction
1%
satisfy
1%
saturate
1%
savour
1%
savvy
1%
scammer
1%
scanner
1%
scenario
1%
scenery
1%
scholarship
1%
scientific
1%
scold
1%
scorch
1%
scramble
1%
scrape
1%
screwdriver
1%
scribble
1%
scrub
1%
scythe
1%
seafood
1%
seaman
1%
searching
1%
seaside
1%
seaweed
1%
secondly
1%
secretly
1%
segment
1%
sensation
1%
sensitivity
1%
sentiment
1%
separated
1%
separation
1%
sequel
1%
serenity
1%
sermon
1%
sesame
1%
setup
1%
sewing
1%
shady
1%
shaft
1%
shaken
1%
shaky
1%
shared
1%
shawl
1%
shepherd
1%
sherry
1%
shilling
1%
shingle
1%
shipment
1%
shipping
1%
shortage
1%
shortly
1%
shred
1%
shrill
1%
shrub
1%
shrug
1%
shuffle
1%
shun
1%
sickle
1%
sickly
1%
sideways
1%
siege
1%
sieve
1%
sift
1%
similarly
1%
sinew
1%
singular
1%
sinister
1%
skating
1%
skid
1%
skier
1%
skilled
1%
skim
1%
skipper
1%
slander
1%
slang
1%
sledge
1%
sleek
1%
slightly
1%
slimy
1%
slippers
1%
slippery
1%
slob
1%
slogan
1%
sloppy
1%
slumber
1%
smear
1%
smite
1%
smoothly
1%
smuggle
1%
snag
1%
snarl
1%
snatch
1%
sneaky
1%
sneer
1%
snick
1%
snitch
1%
snob
1%
snoop
1%
snort
1%
snug
1%
sober
1%
softball
1%
software
1%
solder
1%
solicitor
1%
solitary
1%
solving
1%
sonny
1%
soothe
1%
soothing
1%
sophisticated
1%
sophomore
1%
sordid
1%
spaceship
1%
Spaniard
1%
spank
1%
spanner
1%
spawn
1%
specialist
1%
specialize
1%
specialty
1%
specifically
1%
specify
1%
specimen
1%
spectacle
1%
spectacular
1%
spectrum
1%
speeding
1%
spinal
1%
spinster
1%
spire
1%
splendid
1%
spooky
1%
spotlight
1%
spreading
1%
sprung
1%
spur
1%
squeak
1%
squeeze
1%
stability
1%
stallion
1%
startle
1%
starvation
1%
statute
1%
steering
1%
stench
1%
stepfather
1%
stepmother
1%
steppe
1%
stereo
1%
steward
1%
sticker
1%
stinky
1%
stork
1%
stout
1%
stow
1%
straits
1%
strangely
1%
strategic
1%
stricken
1%
striking
1%
stroll
1%
strongest
1%
stub
1%
stubborn
1%
stuffed
1%
stuffing
1%
stumble
1%
stump
1%
stunning
1%
stupidity
1%
sturdy
1%
stutter
1%
submission
1%
subscription
1%
substantial
1%
substitute
1%
subtle
1%
successfully
1%
suede
1%
suffice
1%
sufficient
1%
suicidal
1%
suitable
1%
sulk
1%
sulphur
1%
summit
1%
superhero
1%
superman
1%
supernatural
1%
supervise
1%
supple
1%
supplement
1%
supporter
1%
supporting
1%
supportive
1%
surprising
1%
surrender
1%
survival
1%
survivor
1%
suspense
1%
sweaty
1%
Swede
1%
sweetheart
1%
sweetness
1%
swerve
1%
swindle
1%
Swiss
1%
swollen
1%
swoop
1%
sworn
1%
sympathetic
1%
symphony
1%
syndrome
1%
synonym
1%
synthesis
1%
tacky
1%
tactic
1%
tailor
1%
talented
1%
tamper
1%
tangle
1%
tardy
1%
tariff
1%
tasting
1%
taunt
1%
tea-pot
1%
teaspoon
1%
technical
1%
technique
1%
telescope
1%
telly
1%
temporal
1%
temptation
1%
tendency
1%
tendon
1%
tentative
1%
terminate
1%
terms
1%
terribly
1%
terrorism
1%
testify
1%
testimony
1%
thaw
1%
theft
1%
theoretical
1%
therapy
1%
thesaurus
1%
thingy
1%
thoughtful
1%
throng
1%
thump
1%
tights
1%
timetable
1%
tinsel
1%
tips
1%
titanic
1%
toaster
1%
tolerance
1%
tongs
1%
tonsil
1%
topple
1%
torment
1%
tortoise
1%
torture
1%
touchdown
1%
touching
1%
tourist
1%
tournament
1%
transaction
1%
transformation
1%
translation
1%
transportation
1%
trashy
1%
traveling
1%
treason
1%
treble
1%
tremble
1%
trespass
1%
tribute
1%
trickle
1%
Trinity
1%
triumph
1%
trivial
1%
trolley
1%
troubles
1%
truthful
1%
truthfully
1%
tsar
1%
tumor
1%
turf
1%
tweak
1%
twine
1%
twinkle
1%
twirl
1%
twitch
1%
twitter
1%
tyran
1%
tyre
1%
ultra
1%
unable
1%
unbelievable
1%
uncomfortable
1%
undercover
1%
underestimate
1%
underline
1%
underpants
1%
undertake
1%
underwater
1%
unemployed
1%
unemployment
1%
uneven
1%
unexpected
1%
unfriendly
1%
unhappy
1%
unhealthy
1%
unidentified
1%
unjust
1%
unkind
1%
unlikely
1%
unlimited
1%
unlucky
1%
unnatural
1%
unnecessary
1%
unpack
1%
unreal
1%
unreasonable
1%
unruly
1%
unstable
1%
untrue
1%
upgrade
1%
uphill
1%
upright
1%
upstairs
1%
uptight
1%
uptown
1%
usher
1%
utility
1%
utmost
1%
utterly
1%
vacancy
1%
vaccination
1%
valet
1%
valve
1%
vanquish
1%
vapour
1%
variation
1%
varnish
1%
velocity
1%
vengeance
1%
venison
1%
venomous
1%
ventilator
1%
venture
1%
verbal
1%
verification
1%
versatile
1%
veteran
1%
viable
1%
vibrate
1%
vigilance
1%
violate
1%
violation
1%
virginity
1%
virtually
1%
visibility
1%
vista
1%
vital
1%
vocational
1%
volatile
1%
voluntary
1%
vulnerable
1%
vulture
1%
wallpaper
1%
warden
1%
warfare
1%
watery
1%
weary
1%
weaver
1%
wedge
1%
welcoming
1%
wharf
1%
whatsoever
1%
whimper
1%
whining
1%
whipped
1%
whirl
1%
whoop
1%
widely
1%
wildest
1%
wildlife
1%
wily
1%
wimp
1%
withdrawal
1%
wits
1%
woof
1%
workplace
1%
workshop
1%
worldwide
1%
worrying
1%
worthless
1%
worthwhile
1%
wounded
1%
wreath
1%
wrench
1%
yap
1%
yelp
1%
yoke
1%
zealot
1%
zealous
1%
zenith
1%
zillion
1%
zoology
1%
abberance
0%
abberant
0%
abhorrence
0%
abjection
0%
abjure
0%
ablative
0%
abnegation
0%
abnormality
0%
aboninable
0%
abonnement
0%
aborigines
0%
abortive
0%
above-average
0%
aboveboard
0%
abruptness
0%
absently
0%
absolution
0%
absorbing
0%
accede
0%
accolade
0%
accommodating
0%
accompaniment
0%
accomplice
0%
accordance
0%
accredited
0%
accrue
0%
accumulate
0%
accuser
0%
accustom
0%
accustomed
0%
acerbity
0%
acheless
0%
acquainted
0%
acquisition
0%
acquit
0%
addressee
0%
adequate
0%
adherence
0%
adjacent
0%
adjusted
0%
admirable
0%
admired
0%
admirer
0%
admissible
0%
admonishment
0%
adolescent
0%
adornment
0%
adulate
0%
adulatory
0%
adventurous
0%
adversity
0%
advisedly
0%
advisor
0%
advocacy
0%
affability
0%
affinity
0%
affliction
0%
affluence
0%
afloat
0%
afterthought
0%
aggravate
0%
aggravation
0%
agrarian
0%
air-condition
0%
air-tight
0%
alacrity
0%
albeit
0%
alcove
0%
alertness
0%
alienate
0%
alimony
0%
allegiance
0%
allergic
0%
alleviate
0%
allocate
0%
all-purpose
0%
alongside
0%
aloof
0%
alteration
0%
amazingly
0%
ambassador
0%
ambiguity
0%
ambitious
0%
amendable
0%
amendment
0%
amiable
0%
amnesty
0%
amoral
0%
amorous
0%
amorphous
0%
amplitude
0%
amulet
0%
anaemia
0%
anchovy
0%
angular
0%
animosity
0%
annihilate
0%
announcing
0%
annulment
0%
anoitment
0%
anomalous
0%
anonymous
0%
antagonize
0%
antecedent
0%
anteroom
0%
ant-hill
0%
anticipated
0%
anticipation
0%
antiquarian
0%
antisocial
0%
antiterrorist
0%
apathetic
0%
apocalypse
0%
apologizing
0%
apostle
0%
apostrophe
0%
appalling
0%
appellation
0%
appetizing
0%
apprentice
0%
approaching
0%
approbation
0%
aptitude
0%
aptly
0%
arable
0%
Archaic
0%
archaic
0%
archbishop
0%
archives
0%
archly
0%
ardently
0%
arduous
0%
armament
0%
armature
0%
armistice
0%
arraignment
0%
arrears
0%
arriving
0%
arrogance
0%
arrogant
0%
arsonist
0%
artillery
0%
artless
0%
ashore
0%
asperity
0%
aspirant
0%
aspirin
0%
assail
0%
assertive
0%
assimilate
0%
assuage
0%
assumptive
0%
assuredness
0%
astray
0%
asunder
0%
atonement
0%
atrocious
0%
atrocity
0%
attending
0%
attenuate
0%
attestation
0%
attrition
0%
attune
0%
audibly
0%
auditioning
0%
auditory
0%
auspice
0%
austerity
0%
authorities
0%
authorized
0%
autograph
0%
autopsy
0%
auxiliary
0%
avalanche
0%
avouch
0%
aweless
0%
awfully
0%
babysitter
0%
babysitting
0%
backache
0%
backstage
0%
bagpipe
0%
bailed
0%
balanced
0%
ballistic
0%
baloney
0%
barbarian
0%
bargaining
0%
barricade
0%
barrister
0%
bayonet
0%
beacon
0%
bedevil
0%
bedridden
0%
bedside
0%
beefy
0%
beeper
0%
beetroot
0%
beggarly
0%
begrudge
0%
benediction
0%
beneficial
0%
benevolence
0%
benignity
0%
berch
0%
bereave
0%
beseech
0%
besiege
0%
bestial
0%
bestiality
0%
bestow
0%
betraying
0%
bewitch
0%
big-hearted
0%
bilateral
0%
billiards
0%
binding
0%
biography
0%
biopsy
0%
bite-size
0%
bitterness
0%
bitty
0%
blackcurrant
0%
blacked
0%
blackmail
0%
blackmailing
0%
blackness
0%
blackout
0%
blameless
0%
blindly
0%
blissful
0%
blocking
0%
bloodless
0%
blotch
0%
blubber
0%
bluffy
0%
bluish
0%
blunder
0%
blushing
0%
bluster
0%
boastful
0%
bodily
0%
bodyguard
0%
bogus
0%
boisterous
0%
bonnet
0%
bookkeeper
0%
bookworm
0%
booty
0%
borough
0%
botany
0%
bottled
0%
boutique
0%
box-office
0%
boycott
0%
bragging
0%
brainless
0%
brainpower
0%
brains
0%
brainwash
0%
brand-new
0%
breastfeeding
0%
breathtaking
0%
breeding
0%
brevity
0%
bridesmaid
0%
briefcase
0%
briefing
0%
briefly
0%
brilliance
0%
bristle
0%
brittle
0%
broadsheet
0%
brochure
0%
bruised
0%
bubbly
0%
built-in
0%
bulging
0%
buoyancy
0%
burglary
0%
burka
0%
burns
0%
bursting
0%
businessman
0%
buzzing
0%
bygone
0%
bypass
0%
calamity
0%
calligraphy
0%
calumny
0%
camomile
0%
camouflage
0%
candied
0%
candour
0%
canteen
0%
canvas
0%
canvass
0%
capability
0%
capacious
0%
cappuccino
0%
caprice
0%
caprize
0%
captured
0%
carious
0%
carnivorous
0%
carry on
0%
carsick
0%
cartrige
0%
carved
0%
carver
0%
cashmere
0%
cassette
0%
cast iron
0%
cataract
0%
catastrophe
0%
catchy
0%
cattish
0%
causless
0%
cautious
0%
caviar
0%
ceasless
0%
census
0%
centered
0%
centigrade
0%
cessation
0%
chafe
0%
chagrin
0%
chained
0%
chancellor
0%
chandler
0%
changeable
0%
changeless
0%
characteristic
0%
characterize
0%
charges
0%
chaste
0%
chastise
0%
chastisement
0%
chatterbox
0%
chauffeur
0%
cheapen
0%
cheaper
0%
checkbook
0%
check-up
0%
cheerleader
0%
childbirth
0%
chimera
0%
chivalrous
0%
chopped
0%
christening
0%
chronic
0%
churchyard
0%
cipher
0%
circulation
0%
circumscribe
0%
circumstantial
0%
circumvent
0%
clairvoyant
0%
classics
0%
classified
0%
clatter
0%
cleft
0%
clemency
0%
clench
0%
clergyman
0%
cleverness
0%
cliché
0%
clinch
0%
clinging
0%
cloakroom
0%
clockwise
0%
cloister
0%
closely
0%
closeness
0%
clotted
0%
cloudless
0%
clubhouse
0%
clumsiness
0%
cluster
0%
coalition
0%
coastline
0%
cockpit
0%
cockroach
0%
cocky
0%
cod-liver
0%
coefficient
0%
coercive
0%
coexist
0%
coffeehouse
0%
cogent
0%
cogitate
0%
cognate
0%
cognizance
0%
cohabit
0%
cohere
0%
coherence
0%
coherent
0%
cohort
0%
coincident
0%
colander
0%
collateral
0%
collecting
0%
collide
0%
collision
0%
colloquial
0%
colonialism
0%
colonist
0%
colossal
0%
coloured
0%
colourless
0%
columnist
0%
comeback
0%
comely
0%
comfortless
0%
commandment
0%
commiserate
0%
committed
0%
commodity
0%
commonplace
0%
commonwealth
0%
comparable
0%
compassionate
0%
compatriot
0%
compelling
0%
compere
0%
competence
0%
competent
0%
complimentary
0%
compound
0%
compulsion
0%
compulsive
0%
concealment
0%
concede
0%
conceited
0%
concerning
0%
conciliate
0%
concise
0%
conclusive
0%
concord
0%
concourse
0%
concurrence
0%
concussion
0%
condensed
0%
condole
0%
condolences
0%
conductive
0%
conductor
0%
confectionery
0%
confederate
0%
confidentiality
0%
confine
0%
confiscate
0%
conform
0%
conformity
0%
confound
0%
confrontation
0%
congest
0%
congestion
0%
congratulate
0%
congruous
0%
conjecture
0%
conjure
0%
connate
0%
connecting
0%
connoisseur
0%
connote
0%
conscience
0%
consciousness
0%
consecution
0%
consensus
0%
consession
0%
consignment
0%
consistency
0%
consolation
0%
conspicuous
0%
conspiracy
0%
constable
0%
consternation
0%
constituent
0%
constitutional
0%
constrict
0%
constructive
0%
construe
0%
consulate
0%
consultant
0%
consultation
0%
consulting
0%
contagion
0%
contaminate
0%
contemn
0%
contemplate
0%
contempt
0%
contend
0%
contented
0%
contentment
0%
contingent
0%
continued
0%
contraction
0%
contradiction
0%
contrivance
0%
convene
0%
convenience
0%
convenient
0%
conveniently
0%
conventional
0%
convicted
0%
cooperate
0%
co-operate
0%
cooperation
0%
cooperative
0%
copied
0%
corky
0%
cornered
0%
cornflower
0%
coronation
0%
corpulent
0%
correlation
0%
cosign
0%
cosmetics
0%
cosmopolitan
0%
counselling
0%
countenance
0%
counterfeit
0%
countess
0%
countless
0%
courier
0%
courtesy
0%
courthouse
0%
covered
0%
covetous
0%
cracking
0%
crag
0%
cranky
0%
crash down
0%
crawling
0%
crayfish
0%
creche
0%
credibility
0%
credulity
0%
credulous
0%
creeping
0%
crevice
0%
crimpy
0%
crippled
0%
criticism
0%
crockery
0%
crossroad
0%
crummy
0%
crushed
0%
crushing
0%
cryptic
0%
cuckoo
0%
cudgel
0%
culinary
0%
culprit
0%
cumbersome
0%
cunning
0%
currant
0%
curriculum
0%
cursed
0%
cutlet
0%
cyber
0%
cynical
0%
cypress
0%
daffodil
0%
dangerously
0%
dashboard
0%
dashing
0%
database
0%
daub
0%
daughter-in-law
0%
daunt
0%
dauntless
0%
dearly
0%
debark
0%
debatable
0%
debauch
0%
debris
0%
decadence
0%
deceit
0%
deceiving
0%
decency
0%
deception
0%
decisive
0%
decoction
0%
decorated
0%
decoy
0%
dedication
0%
deeply
0%
deep-rooted
0%
deface
0%
default
0%
defeated
0%
defective
0%
defenceless
0%
deference
0%
defiance
0%
deficiency
0%
deform
0%
degenerate
0%
degradation
0%
dehydrated
0%
dejection
0%
deliberately
0%
delighted
0%
delinquent
0%
deliquency
0%
delirious
0%
delivering
0%
delude
0%
deluge
0%
delusional
0%
demeanour
0%
demented
0%
demise
0%
demolition
0%
demure
0%
denote
0%
denounce
0%
denunciation
0%
denying
0%
depict
0%
deplete
0%
deposition
0%
depot
0%
deprave
0%
depreciate
0%
depressing
0%
deprivation
0%
deprive
0%
derelict
0%
deride
0%
descendent
0%
descriptive
0%
deserted
0%
designate
0%
designing
0%
desirable
0%
desperately
0%
desperation
0%
despicable
0%
despot
0%
destitute
0%
detailed
0%
detector
0%
deteriorate
0%
deterrent
0%
detestable
0%
detriment
0%
devaluation
0%
devastating
0%
developed
0%
developing
0%
devious
0%
devise
0%
devoid
0%
devolution
0%
devoted
0%
devotion
0%
devout
0%
dexterity
0%
diagram
0%
diameter
0%
diarrhoea
0%
dictation
0%
diffident
0%
diffuse
0%
dignify
0%
dignity
0%
digress
0%
dilapidation
0%
dilate
0%
dilemma
0%
diligence
0%
dilute
0%
dilution
0%
diminution
0%
dimness
0%
dingy
0%
diplomatic
0%
directed
0%
directness
0%
dirtiness
0%
disagreement
0%
disappearance
0%
disappointed
0%
disapproval
0%
disarm
0%
disarray
0%
disavow
0%
disbelief
0%
discern
0%
discernible
0%
discharge
0%
discharged
0%
disciplinary
0%
disclose
0%
discomfort
0%
disconnect
0%
discontent
0%
discount
0%
discourage
0%
discourteous
0%
discovering
0%
discredit
0%
discrepancy
0%
discretion
0%
disdain
0%
disembark
0%
disembody
0%
disembroil
0%
disfigure
0%
disgrace
0%
disgraceful
0%
disgusted
0%
dishearten
0%
dishonour
0%
dish-water
0%
disillusion
0%
disingenuous
0%
disinherit
0%
disintegrate
0%
disinterested
0%
disloyal
0%
dismantle
0%
dismount
0%
disobedience
0%
disobey
0%
disorganized
0%
disoriented
0%
disparage
0%
disparity
0%
dispatch
0%
dispel
0%
displace
0%
displease
0%
disposable
0%
disposal
0%
dispose
0%
disprove
0%
disqualify
0%
disquiet
0%
disreputable
0%
disrespect
0%
disrupt
0%
dissatisfaction
0%
dissemble
0%
dissimilar
0%
dissipate
0%
dissolve
0%
distasteful
0%
distil
0%
distinction
0%
distinguished
0%
distracted
0%
distracting
0%
distraught
0%
distress
0%
distrust
0%
distrustul
0%
disturbing
0%
ditto
0%
divinity
0%
divorced
0%
doable
0%
doctrine
0%
dodgy
0%
dog-collar
0%
doleful
0%
domicile
0%
doodle
0%
doomed
0%
doorman
0%
doormant
0%
dosage
0%
doubly
0%
doubtful
0%
downright
0%
dowry
0%
drawback
0%
dropper
0%
drops
0%
drowsy
0%
drudgery
0%
drunkard
0%
drunken
0%
dubious
0%
duly
0%
dumbest
0%
dungeon
0%
duplicate
0%
durable
0%
dwelling
0%
dynamite
0%
dysentery
0%
dysfunctional
0%
earlap
0%
earphones
0%
easygoing
0%
eatable
0%
eavesdrop
0%
eavesdropping
0%
e-book
0%
eccentric
0%
ecstasy
0%
ecstatic
0%
edacious
0%
edacity
0%
edifice
0%
educated
0%
efface
0%
effeminate
0%
efficacious
0%
efficiency
0%
efforless
0%
egoism
0%
egotistical
0%
ejection
0%
elaborate
0%
elapse
0%
elated
0%
electronics
0%
elegance
0%
eligible
0%
eliminated
0%
elitist
0%
elusive
0%
emasculate
0%
embankment
0%
embargo
0%
embarrassment
0%
embezzlement
0%
embitter
0%
embodiment
0%
embody
0%
embroider
0%
emigrant
0%
eminence
0%
eminent
0%
employed
0%
emulate
0%
enamel
0%
encircle
0%
encouraging
0%
encroach
0%
encumber
0%
encumbrance
0%
encyclopaedia
0%
endangered
0%
endeavour
0%
endorse
0%
endorsement
0%
enfold
0%
enforcement
0%
enjoyable
0%
enjoying
0%
enlargement
0%
enlist
0%
enliven
0%
enmity
0%
enquiry
0%
enrage
0%
enrapture
0%
enrich
0%
ensign
0%
ensue
0%
entangle
0%
entertaining
0%
enthrone
0%
enthusiasm
0%
enthusiastic
0%
entice
0%
entitled
0%
entrails
0%
entreat
0%
entrepreneur
0%
entrust
0%
enumerate
0%
enviable
0%
envisage
0%
epidemic
0%
equability
0%
equanimity
0%
equilibrium
0%
equipped
0%
eradicate
0%
erosion
0%
erratic
0%
erupt
0%
eruption
0%
espionage
0%
essentially
0%
estrange
0%
etiquette
0%
evade
0%
evaporate
0%
evasion
0%
evidently
0%
exalt
0%
exaltation
0%
examiner
0%
exasperate
0%
excavate
0%
excrete
0%
excruciation
0%
excursion
0%
executed
0%
exemplar
0%
exemplify
0%
expanding
0%
expedient
0%
expelled
0%
experimental
0%
exploded
0%
exploration
0%
exposure
0%
exquisite
0%
exterminate
0%
exterminator
0%
extinct
0%
extinguish
0%
extortion
0%
eyewitness
0%
facile
0%
faciliate
0%
facultative
0%
failing
0%
fainted
0%
fairytale
0%
faithless
0%
fallout
0%
far-fetched
0%
farsighted
0%
fascinating
0%
fastidious
0%
fatality
0%
father-in-law
0%
faultless
0%
fearsome
0%
feasible
0%
feign
0%
feisty
0%
felicity
0%
felon
0%
felony
0%
feminist
0%
ferocious
0%
fervent
0%
fervid
0%
fetid
0%
feudal
0%
fiasco
0%
fidelity
0%
fierce
0%
fiery
0%
financially
0%
finesse
0%
fingerprint
0%
fireball
0%
fire-extinguisher
0%
firsthand
0%
fiscal
0%
fitful
0%
fitting
0%
fixedly
0%
flabby
0%
flamboyant
0%
flashing
0%
flatly
0%
flattery
0%
flax
0%
fleeting
0%
flimsy
0%
flippant
0%
flippers
0%
flirtatious
0%
flirting
0%
floating
0%
flog
0%
flooding
0%
fluctuate
0%
fluke
0%
flushed
0%
focused
0%
folks
0%
fondness
0%
foolproof
0%
footage
0%
footing
0%
footprint
0%
footstep
0%
footwear
0%
forbear
0%
forceless
0%
forefather
0%
foreman
0%
forensic
0%
forensics
0%
foresee
0%
foresight
0%
forestall
0%
foretaste
0%
forfeit
0%
forgetful
0%
formality
0%
formidable
0%
forthcoming
0%
foster-child
0%
founded
0%
fragrance
0%
framing
0%
fraudulent
0%
freaky
0%
freckless
0%
freshen
0%
frigility
0%
frivolous
0%
frontage
0%
frugal
0%
frugality
0%
fruitful
0%
fruitless
0%
frustrating
0%
frustration
0%
fugitive
0%
fulfilled
0%
fundamental
0%
fundraiser
0%
funnel
0%
furrow
0%
furtively
0%
gaiety
0%
gallant
0%
garland
0%
garnish
0%
garrison
0%
gateway
0%
gaudy
0%
gauge
0%
Gemini
0%
generalization
0%
generalize
0%
genetically
0%
germinate
0%
giddiness
0%
giddy
0%
gifted
0%
gild
0%
girdle
0%
glamorous
0%
glimmer
0%
glossary
0%
glued
0%
go-between
0%
goblet
0%
godforsaken
0%
godless
0%
goggle
0%
gossipy
0%
governess
0%
graceless
0%
graduated
0%
granary
0%
granted
0%
granulated
0%
graphics
0%
gratification
0%
grating
0%
gravitation
0%
grimace
0%
groundless
0%
grownup
0%
grown up
0%
gruel
0%
gruff
0%
grumble
0%
guile
0%
gurgle
0%
haberdashery
0%
habitat
0%
habitual
0%
haemorrhage
0%
haggard
0%
hailstone
0%
half-baked
0%
half-brother
0%
half-moon
0%
half-time
0%
halfway
0%
half-year
0%
hallucinate
0%
handgrip
0%
handicap
0%
handicapped
0%
handicraft
0%
handling
0%
handshake
0%
handwriting
0%
handyman
0%
hangnail
0%
hangover
0%
haphazard
0%
harassing
0%
harassment
0%
hard-boiled
0%
hardily
0%
hardship
0%
harmonious
0%
harness
0%
hasty
0%
haughty
0%
haunch
0%
haunting
0%
havoc
0%
headquarter
0%
heady
0%
heartache
0%
heartburn
0%
hearted
0%
heartily
0%
heartless
0%
heathen
0%
heaviness
0%
hectic
0%
hector
0%
heedless
0%
heiress
0%
heirloom
0%
hemisphere
0%
hepatitis
0%
hereby
0%
hereditary
0%
hermic
0%
herring
0%
hibernate
0%
hiccup
0%
hideous
0%
hierarchy
0%
highjack
0%
hireling
0%
hiring
0%
historian
0%
hoarfrost
0%
hobble
0%
holler
0%
homecoming
0%
homesick
0%
hometown
0%
homey
0%
homicidal
0%
honeymoon
0%
honorary
0%
honourable
0%
honoured
0%
honours
0%
hooligan
0%
horoscope
0%
horribly
0%
horseback
0%
hosiery
0%
hospitable
0%
hostility
0%
hotline
0%
hourglass
0%
housekeeper
0%
housemaid
0%
housewife
0%
hubby
0%
humiliate
0%
humiliated
0%
humiliation
0%
humility
0%
humorous
0%
hyphen
0%
hypnotize
0%
hypocrisy
0%
hypocrite
0%
hypothetically
0%
hysteria
0%
hysterical
0%
icily
0%
ignate
0%
ignition
0%
ignorance
0%
illegally
0%
illegible
0%
illegimate
0%
illiterate
0%
illogical
0%
illusive
0%
imaginable
0%
imaginary
0%
imbue
0%
immaculate
0%
immensely
0%
imminent
0%
immoderate
0%
immovable
0%
immune
0%
immunity
0%
impassable
0%
impatience
0%
impatient
0%
impeccable
0%
impediment
0%
impending
0%
imperative
0%
imperfect
0%
impersonal
0%
impertinent
0%
imperturbable
0%
impetuous
0%
impetus
0%
impish
0%
implacable
0%
implement
0%
impregnable
0%
imprint
0%
imprison
0%
improved
0%
improvise
0%
imprudence
0%
impulse
0%
impulsive
0%
impunity
0%
impure
0%
inability
0%
inaccessible
0%
inaccurate
0%
inaction
0%
inadequacy
0%
inadequate
0%
inadmissible
0%
inane
0%
inapptitude
0%
inattentive
0%
inaudible
0%
inaugurate
0%
inborn
0%
incapable
0%
incarnate
0%
incentive
0%
inclination
0%
inclose
0%
income tax
0%
incomparable
0%
incompatible
0%
incompetence
0%
incompetent
0%
incomprehensible
0%
inconceivable
0%
inconsistency
0%
inconvenience
0%
inconvenient
0%
increasingly
0%
incredibly
0%
incriminate
0%
incurable
0%
indebted
0%
indecent
0%
indecision
0%
indefinite
0%
indefinitely
0%
indelicate
0%
indicator
0%
indictment
0%
indifference
0%
indigenous
0%
indigestion
0%
indignant
0%
indiscreet
0%
indispensable
0%
indisputable
0%
indistinct
0%
indulgence
0%
inedible
0%
ineffective
0%
inefficient
0%
inept
0%
inestimable
0%
inevitable
0%
inevitably
0%
inexhaustible
0%
inexorable
0%
inexpedient
0%
inexperienced
0%
inexplicable
0%
inextricable
0%
infallible
0%
infantry
0%
infatuated
0%
infest
0%
infirmary
0%
inflammable
0%
inflict
0%
influx
0%
infractructure
0%
infringement
0%
infuriate
0%
ingoing
0%
ingratitude
0%
inhibit
0%
inhospitable
0%
inhuman
0%
initiative
0%
injunction
0%
injustice
0%
innumerable
0%
inoculate
0%
inoffensive
0%
inopportune
0%
in-patient
0%
inscribe
0%
insensible
0%
inseparable
0%
inset
0%
insignificant
0%
insolence
0%
insoluble
0%
inspiring
0%
installation
0%
installed
0%
instalment
0%
instinct
0%
insufficient
0%
insular
0%
insulting
0%
intact
0%
integration
0%
integrity
0%
intentionally
0%
intercept
0%
interim
0%
interpretation
0%
interrogate
0%
interruption
0%
intervention
0%
intimacy
0%
intimidating
0%
intolerable
0%
intoxicate
0%
intrepid
0%
intricate
0%
intrigue
0%
intriguing
0%
introducing
0%
intruder
0%
intrusive
0%
invaded
0%
invaluable
0%
invariable
0%
inviting
0%
involuntary
0%
involving
0%
invulnerable
0%
iodine
0%
irksome
0%
irradiate
0%
irreparable
0%
irreproachable
0%
irresistible
0%
irresponsible
0%
irrigate
0%
irriplaceable
0%
irritable
0%
itinerary
0%
jack-knife
0%
jackpot
0%
jangle
0%
jargon
0%
jaunty
0%
jeopardize
0%
jeopardy
0%
jitter
0%
jubilee
0%
judicious
0%
junk food
0%
jurisdiction
0%
justified
0%
juxtapose
0%
juxtaposition
0%
kaleidoscope
0%
kerb
0%
kidnapping
0%
knockout
0%
know-how
0%
lacerate
0%
lackless
0%
lacquer
0%
lamppost
0%
lamp-shade
0%
landfall
0%
landlady
0%
lanentable
0%
languid
0%
languish
0%
lapse
0%
lascivious
0%
lassitude
0%
lattice
0%
lavatory
0%
lavishness
0%
lawfully
0%
laxative
0%
layout
0%
laziness
0%
leap year
0%
leaseholder
0%
legitimate
0%
lengthen
0%
lenient
0%
leukemia
0%
levity
0%
liability
0%
liaison
0%
libellous
0%
lighthouse
0%
likewise
0%
limelight
0%
lime-tree
0%
lingerie
0%
liquidate
0%
literacy
0%
literary
0%
livelihood
0%
liveliness
0%
livestock
0%
located
0%
lockup
0%
locum
0%
locus
0%
locust
0%
loitering
0%
loneliness
0%
lonesome
0%
lookout
0%
lowlife
0%
loyalty
0%
lozenge
0%
lubricant
0%
lucent
0%
lucidity
0%
lucrative
0%
ludicrous
0%
luminous
0%
lunatic
0%
lunchtime
0%
luscious
0%
lustre
0%
luxuriant
0%
lyrical
0%
machinery
0%
made-up
0%
madman
0%
maggot
0%
magically
0%
magistrate
0%
magnanimity
0%
magnitude
0%
magpie
0%
mailbox
0%
mainland
0%
makeover
0%
malignant
0%
malnutrition
0%
manicure
0%
manifest
0%
manipulate
0%
manipulation
0%
manipulative
0%
manoeuvre
0%
manpower
0%
manufacturer
0%
manure
0%
manuscript
0%
marching
0%
marinade
0%
marmalade
0%
marshy
0%
matching
0%
materialistic
0%
maternity
0%
matrimony
0%
mausoleum
0%
meantime
0%
measles
0%
mechanism
0%
meddling
0%
mediate
0%
melodramatic
0%
meltdown
0%
membership
0%
memorable
0%
mercenary
0%
merciful
0%
merely
0%
merriment
0%
mesmerize
0%
middle-aged
0%
midland
0%
midsummer
0%
midterm
0%
midwife
0%
migraine
0%
mildly
0%
mildness
0%
mileage
0%
milestone
0%
militant
0%
milligram
0%
minefield
0%
miscalculate
0%
miscarriage
0%
miscellaneous
0%
misfire
0%
misfortune
0%
misguided
0%
mishandle
0%
misjudge
0%
misplace
0%
misspell
0%
mistletoe
0%
misuse
0%
mobile phone
0%
molecular
0%
momentarily
0%
montley
0%
morsel
0%
mortify
0%
mounted
0%
mourning
0%
mugged
0%
multicultural
0%
murmur
0%
mushy
0%
muteness
0%
mutilate
0%
mutinous
0%
nagging
0%
namesake
0%
narcotic
0%
nasal
0%
nausea
0%
nauseous
0%
navigable
0%
nebulous
0%
necessarily
0%
needful
0%
negate
0%
negation
0%
negligence
0%
negligent
0%
neighbourly
0%
neutrality
0%
newlywed
0%
niche
0%
nightclub
0%
nightfall
0%
noiseless
0%
nonchalance
0%
noncommittal
0%
nondescript
0%
nonpareil
0%
non-stop
0%
nosebleed
0%
notability
0%
notably
0%
notoriety
0%
notorious
0%
nourish
0%
noxious
0%
nutshell
0%
obdurate
0%
obedience
0%
obedient
0%
obituary
0%
objectless
0%
oblique
0%
obliterate
0%
oblong
0%
obnoxious
0%
obscene
0%
obscenity
0%
observance
0%
observer
0%
obsolete
0%
obstacle
0%
obstinacy
0%
obstinate
0%
obstruct
0%
obstruction
0%
obtrusive
0%
occasionally
0%
occult
0%
occupant
0%
occupied
0%
odious
0%
offhand
0%
offset
0%
offshore
0%
old-fashioned
0%
omission
0%
omnipotent
0%
omnipresent
0%
onboard
0%
oncoming
0%
onefold
0%
onerous
0%
ongoing
0%
onset
0%
opaque
0%
open-air
0%
operational
0%
operative
0%
opinionated
0%
oppression
0%
optical
0%
optimistic
0%
originally
0%
ornament
0%
orphanage
0%
ostensible
0%
ostentatious
0%
outbalance
0%
outbid
0%
outbreak
0%
outburst
0%
outgoing
0%
outlay
0%
outline
0%
outmatch
0%
outnumber
0%
outrageous
0%
outright
0%
outset
0%
outspoken
0%
overdone
0%
overdose
0%
overflow
0%
overhead
0%
overhear
0%
overjoyed
0%
overlap
0%
overlive
0%
overnight
0%
overprotective
0%
overrated
0%
overreact
0%
oversight
0%
oversleep
0%
overturn
0%
overwork
0%
padlock
0%
painfully
0%
palate
0%
palette
0%
pallor
0%
palmful
0%
palpable
0%
palpate
0%
palsy
0%
paltry
0%
pamper
0%
paralysis
0%
parasite
0%
parasol
0%
parish
0%
parity
0%
parliamentary
0%
parlour
0%
parquet
0%
partridge
0%
part-time
0%
partying
0%
pastel
0%
pastime
0%
paternal
0%
paternity
0%
patronage
0%
patronize
0%
pavilion
0%
payback
0%
payoff
0%
payroll
0%
payslips
0%
peculiarity
0%
pedestal
0%
pedigree
0%
peephole
0%
peerless
0%
peevish
0%
pendulous
0%
penitence
0%
penitent
0%
penitentiary
0%
penniless
0%
pensioner
0%
pensive
0%
penthouse
0%
peppermint
0%
peppery
0%
perceptive
0%
percussive
0%
peremptory
0%
perennial
0%
performing
0%
perfunctory
0%
perjury
0%
perky
0%
permanently
0%
permissive
0%
permitted
0%
perpendicular
0%
perpetrate
0%
perpetrator
0%
perpetual
0%
perplex
0%
persecute
0%
personify
0%
perspiration
0%
perspire
0%
persuasive
0%
pertinent
0%
peruse
0%
pervasive
0%
perverse
0%
pesky
0%
pessimistic
0%
pestilent
0%
petition
0%
petulant
0%
phenomenon
0%
phonebooth
0%
phony
0%
photocopy
0%
physique
0%
pickpocket
0%
pictorial
0%
pilgrim
0%
pillowcase
0%
pilotage
0%
pinprick
0%
pitfall
0%
pitiful
0%
placard
0%
placid
0%
placidity
0%
plaice
0%
plaintiff
0%
plash
0%
platitude
0%
platoon
0%
playboy
0%
plenitude
0%
plentiful
0%
pliable
0%
pliant
0%
plod
0%
plumbing
0%
plunge
0%
pneumonia
0%
poach
0%
poignant
0%
pointy
0%
polity
0%
polling
0%
polygraph
0%
pomegranate
0%
pomp
0%
pomposity
0%
pompous
0%
ponderous
0%
poodle
0%
poplar
0%
porous
0%
portent
0%
portfolio
0%
portly
0%
portray
0%
postage
0%
postcard
0%
posterity
0%
post office
0%
posture
0%
potency
0%
precarious
0%
precaution
0%
precipitation
0%
precisely
0%
precision
0%
precursor
0%
predatory
0%
predestination
0%
predestine
0%
predicament
0%
predicate
0%
predictable
0%
prediction
0%
predominant
0%
prefecture
0%
preferably
0%
prehistoric
0%
prejudice
0%
preliminary
0%
premature
0%
premium
0%
premonition
0%
preoccupation
0%
preoccupy
0%
prepay
0%
prepense
0%
preposition
0%
preposterous
0%
prerogative
0%
preservation
0%
prestigious
0%
presumably
0%
presumptuous
0%
pretence
0%
pretentious
0%
pretext
0%
prevail
0%
prevalent
0%
priceless
0%
prickly
0%
primarily
0%
primeval
0%
primrose
0%
privilege
0%
probation
0%
processed
0%
proclamation
0%
prodigal
0%
prodigious
0%
prodigy
0%
profane
0%
profanity
0%
proficient
0%
progeny
0%
prognosis
0%
prohibition
0%
prolific
0%
pronunciation
0%
propaganda
0%
prophet
0%
proprietary
0%
proprietor
0%
propulsion
0%
prosecution
0%
protocol
0%
prototype
0%
protrude
0%
provenance
0%
proverb
0%
providing
0%
provisional
0%
provocation
0%
proxy
0%
prudence
0%
prudent
0%
prunes
0%
psalm
0%
psychiatric
0%
psychopath
0%
publicly
0%
puffy
0%
pulverize
0%
punctuation
0%
puncture
0%
purify
0%
purposely
0%
pushful
0%
putrefy
0%
putrescent
0%
puzzlement
0%
quaking
0%
qualification
0%
qualified
0%
qualify
0%
quandary
0%
quarantine
0%
quarrelsome
0%
quasi
0%
quaver
0%
quizmaster
0%
rabble
0%
radar
0%
radiance
0%
radioactive
0%
raincoat
0%
rancorous
0%
rapacity
0%
rascal
0%
ratification
0%
rationalize
0%
rationally
0%
ravage
0%
ravenous
0%
ravine
0%
readily
0%
readiness
0%
rearrange
0%
rebuff
0%
rebuild
0%
rebuke
0%
recant
0%
recast
0%
recede
0%
recession
0%
recipient
0%
reciprocal
0%
recital
0%
recognition
0%
recollect
0%
recommendation
0%
recompense
0%
reconcile
0%
reconciliation
0%
reconnaissance
0%
reconnect
0%
reconsider
0%
reconstruct
0%
recovery
0%
recreation
0%
recruiting
0%
rectification
0%
rectify
0%
recuperate
0%
recurrent
0%
recycling
0%
redress
0%
redundancy
0%
refill
0%
refresh
0%
refreshing
0%
refreshment
0%
refrigerate
0%
refuel
0%
refutation
0%
registered
0%
regretful
0%
regrettable
0%
regularly
0%
rehabilitation
0%
rehearsal
0%
rehearse
0%
relapse
0%
relatively
0%
relent
0%
relentless
0%
reliance
0%
reliant
0%
relinquish
0%
reluctance
0%
reluctant
0%
remarkably
0%
remarried
0%
remembrance
0%
remiss
0%
remittance
0%
remnant
0%
remorse
0%
remotely
0%
renaissance
0%
renovate
0%
renown
0%
renting
0%
reorganize
0%
repeatedly
0%
repellent
0%
repercussion
0%
repetitious
0%
repose
0%
reprehensible
0%
repress
0%
reprint
0%
reproach
0%
reproduction
0%
reproof
0%
reprove
0%
repulse
0%
repulsive
0%
repute
0%
requisite
0%
reschedule
0%
researching
0%
resedue
0%
resemblance
0%
resentful
0%
resentment
0%
reseptive
0%
reserved
0%
resignation
0%
resolute
0%
resound
0%
respectfully
0%
respectively
0%
respiration
0%
respirator
0%
restless
0%
restricted
0%
retainer
0%
retaliate
0%
rethink
0%
reticence
0%
retinue
0%
retired
0%
retort
0%
retrieval
0%
retro
0%
reunited
0%
revealing
0%
reverence
0%
revision
0%
revulsion
0%
rhubarb
0%
riddance
0%
ridicule
0%
rightfully
0%
rigorous
0%
rigour
0%
riotous
0%
roadmap
0%
roadside
0%
robust
0%
romp
0%
rosebud
0%
rotund
0%
roundabout
0%
rowan
0%
rucksack
0%
rudimentary
0%
ruffian
0%
ruined
0%
ruinous
0%
sable
0%
sacrament
0%
safeguard
0%
sagacious
0%
salutation
0%
salvage
0%
sanctify
0%
sanitary
0%
sarcasm
0%
sarcastic
0%
satisfactory
0%
sauna
0%
scaffolding
0%
scald
0%
scales
0%
scallion
0%
scallop
0%
scalpel
0%
scanty
0%
scarce
0%
scarecrow
0%
scaring
0%
scatter
0%
sceptical
0%
scoundrel
0%
scowl
0%
scrambled
0%
screech
0%
scrupulous
0%
sculptor
0%
sealed
0%
seashore
0%
seclude
0%
secrecy
0%
secretive
0%
sedate
0%
sedative
0%
seduce
0%
seducing
0%
seethe
0%
seizure
0%
selective
0%
selfconfidence
0%
selfcontrol
0%
selfemployed
0%
selfevident
0%
selfless
0%
selfportrait
0%
selfservice
0%
semblance
0%
semicircle
0%
semicolon
0%
seminar
0%
sensational
0%
senseless
0%
sentimental
0%
sentinel
0%
separately
0%
serpent
0%
serum
0%
setback
0%
settled
0%
settling
0%
severely
0%
shabby
0%
shaggy
0%
shameless
0%
sharply
0%
shatter
0%
shindig
0%
shoplifting
0%
shortcut
0%
shrine
0%
shrivel
0%
shudder
0%
shuttle
0%
sideline
0%
significance
0%
significantly
0%
signing
0%
silliness
0%
simultaneous
0%
situated
0%
sketchy
0%
skilful
0%
skirmish
0%
slayer
0%
sleazy
0%
sleepover
0%
slender
0%
slightest
0%
sluice
0%
slush
0%
smoulder
0%
snappy
0%
sneaking
0%
so-called
0%
sociable
0%
solemn
0%
soloist
0%
soluble
0%
son-in-law
0%
souvenir
0%
sovereign
0%
spacecraft
0%
sparkling
0%
spatter
0%
speculation
0%
speechless
0%
spirits
0%
spittle
0%
splinter
0%
splitting
0%
spoiled
0%
spokesman
0%
spontaneous
0%
sportsman somewhere
0%
sprinter
0%
squint
0%
squirt
0%
stagger
0%
stairwell
0%
stammer
0%
standpoint
0%
starch
0%
starling
0%
static
0%
stationery
0%
staunch
0%
steeple
0%
stereotype
0%
sterile
0%
steroid
0%
stifle
0%
stimulate
0%
stingy
0%
stipulate
0%
stirring
0%
stoker
0%
straighten
0%
straightforward
0%
stranded
0%
strengthen
0%
strenuous
0%
stressful
0%
strew
0%
strict
0%
strictly
0%
strongly
0%
strung
0%
stubble
0%
stuffy
0%
stupendous
0%
sturgeon
0%
subconscious
0%
subdivide
0%
subdue
0%
submerge
0%
subordinate
0%
subsequent
0%
subsequently
0%
subside
0%
subsist
0%
suburban
0%
suction
0%
suffocate
0%
sullen
0%
sultry
0%
sumptuous
0%
sunken
0%
superficial
0%
superfluous
0%
superintend
0%
superintendent
0%
supersede
0%
superstition
0%
superstitious
0%
supervision
0%
supervisor
0%
supplant
0%
supposedly
0%
suppress
0%
surgical
0%
surmise
0%
surmount
0%
surpass
0%
surprisingly
0%
surrogate
0%
surveillance
0%
susceptible
0%
suspend
0%
suspension
0%
suspicion
0%
swarm
0%
swarthy
0%
swelling
0%
swimsuit
0%
syllable
0%
syllabus
0%
sympathize
0%
synchronize
0%
syringe
0%
tabloid
0%
tactical
0%
takeout
0%
takeover
0%
tangible
0%
tapestry
0%
taping
0%
taxpayer
0%
technicality
0%
technically
0%
tedious
0%
teeny
0%
telegram
0%
telegraph
0%
temporarily
0%
test-tube
0%
textbook
0%
textile
0%
text-message
0%
theological
0%
therapist
0%
thermometer
0%
thimble
0%
thoroughly
0%
thoughtless
0%
threshold
0%
thrilling
0%
thwart
0%
tighter
0%
tinge
0%
tolerate
0%
topless
0%
torrent
0%
touchy
0%
transcript
0%
transgress
0%
transient
0%
transition
0%
transmitter
0%
transplant
0%
trapped
0%
traumatic
0%
traumatize
0%
treasury
0%
trembling
0%
tremendous
0%
trifle
0%
troops
0%
truant
0%
trustworthy
0%
tucker
0%
tuition
0%
tumult
0%
turban
0%
turbulent
0%
turmoil
0%
twenties
0%
twisted
0%
tying
0%
typically
0%
typist
0%
ulcer
0%
ulterior
0%
ultimately
0%
ultimatum
0%
ultrasound
0%
unacceptable
0%
unaccustomed
0%
unarmed
0%
unattractive
0%
unauthorized
0%
unavailable
0%
unavoidable
0%
unaware
0%
unbearable
0%
unbelievably
0%
unborn
0%
unbutton
0%
uncanny
0%
uncertain
0%
unchanged
0%
unconscious
0%
uncover
0%
undeniable
0%
underage
0%
undermine
0%
understandable
0%
understatement
0%
underworld
0%
undoubtedly
0%
uneasy
0%
unethical
0%
unfaithful
0%
unfamiliar
0%
unfinished
0%
unfit
0%
unforgivable
0%
ungrateful
0%
uninvited
0%
unload
0%
unpleasant
0%
unpredictable
0%
unprofessional
0%
unrest
0%
unsettled
0%
unskilful
0%
unspeakable
0%
untidy
0%
unwanted
0%
unwind
0%
unworthy
0%
upbrining
0%
upcoming
0%
uphold
0%
uprising
0%
upsetting
0%
upstanding
0%
up-to-date
0%
vaguely
0%
valiant
0%
vandalism
0%
variable
0%
vehemence
0%
vending
0%
vestige
0%
vexation
0%
vicinity
0%
videotape
0%
viewpoint
0%
vigorous
0%
vindictive
0%
viper
0%
visitation
0%
vivacious
0%
vivid
0%
vogue
0%
voluntarily
0%
voracious
0%
vulgar
0%
waffles
0%
wallow
0%
wandering
0%
warlock
0%
waterfront
0%
whereabouts
0%
whereby
0%
whirlpool
0%
widespread
0%
wilful
0%
willingly
0%
willingness
0%
windscreen
0%
wiring
0%
wisely
0%
wistful
0%
witchcraft
0%
withhold
0%
wonderfully
0%
woody
0%
worries
0%
wrangle
0%
wrapped
0%
wrecking
0%
wretched
0%
wriggle
0%
yearbook
0%
youngster
0%
yowl
0%

Score Distribution

Percentile by Number Answered

Percent of People with Each Score

Your Score History

You have not taken this quiz